<?xml version="1.0" encoding="UTF-8"?>
<record
    xmlns:xsi="http://www.w3.org/2001/XMLSchema-instance"
    xsi:schemaLocation="http://www.loc.gov/MARC21/slim http://www.loc.gov/standards/marcxml/schema/MARC21slim.xsd"
    xmlns="http://www.loc.gov/MARC21/slim">

  <leader>08046    a2201993   4500</leader>
  <datafield tag="020" ind1=" " ind2=" ">
    <subfield code="a">9780073529325 (hardcover : alk. paper)</subfield>
  </datafield>
  <datafield tag="022" ind1=" " ind2=" ">
    <subfield code="a">007352932X (hardcover : alk. paper)</subfield>
  </datafield>
  <datafield tag="082" ind1=" " ind2=" ">
    <subfield code="a">621.4021 </subfield>
    <subfield code="b">CEN</subfield>
    <subfield code="c">N-01,P-215</subfield>
  </datafield>
  <datafield tag="100" ind1=" " ind2=" ">
    <subfield code="a">Cengel, Yunus A &amp; Boles, Michael A</subfield>
    <subfield code="9">37880</subfield>
  </datafield>
  <datafield tag="245" ind1=" " ind2=" ">
    <subfield code="a">Thermodynamics: an engineering approach</subfield>
    <subfield code="c">Cengel, Yunus A &amp; Boles, Michael A</subfield>
  </datafield>
  <datafield tag="250" ind1=" " ind2=" ">
    <subfield code="a">7th ed. Special Indian edition</subfield>
  </datafield>
  <datafield tag="260" ind1=" " ind2=" ">
    <subfield code="a">New Delhi. :</subfield>
    <subfield code="c">2011</subfield>
    <subfield code="b">MecGraw Hill.</subfield>
  </datafield>
  <datafield tag="300" ind1=" " ind2=" ">
    <subfield code="a">xxv: 980p . :</subfield>
    <subfield code="b">ill. ;</subfield>
    <subfield code="c">24 cm.</subfield>
  </datafield>
  <datafield tag="500" ind1=" " ind2=" ">
    <subfield code="a">THERMODYNAMIC, USED AS TEXT BOOK</subfield>
  </datafield>
  <datafield tag="526" ind1=" " ind2=" ">
    <subfield code="a">0</subfield>
    <subfield code="b">0</subfield>
    <subfield code="c">0</subfield>
    <subfield code="d">621_402100000000000_CEN</subfield>
  </datafield>
  <datafield tag="526" ind1=" " ind2=" ">
    <subfield code="a">0</subfield>
    <subfield code="b">0</subfield>
    <subfield code="c">0</subfield>
    <subfield code="d">621_402100000000000_CEN</subfield>
  </datafield>
  <datafield tag="526" ind1=" " ind2=" ">
    <subfield code="a">0</subfield>
    <subfield code="b">0</subfield>
    <subfield code="c">0</subfield>
    <subfield code="d">621_402100000000000_CEN</subfield>
  </datafield>
  <datafield tag="526" ind1=" " ind2=" ">
    <subfield code="a">0</subfield>
    <subfield code="b">0</subfield>
    <subfield code="c">0</subfield>
    <subfield code="d">621_402100000000000_CEN</subfield>
  </datafield>
  <datafield tag="526" ind1=" " ind2=" ">
    <subfield code="a">0</subfield>
    <subfield code="b">0</subfield>
    <subfield code="c">0</subfield>
    <subfield code="d">621_402100000000000_CEN</subfield>
  </datafield>
  <datafield tag="526" ind1=" " ind2=" ">
    <subfield code="a">0</subfield>
    <subfield code="b">0</subfield>
    <subfield code="c">0</subfield>
    <subfield code="d">621_402100000000000_CEN</subfield>
  </datafield>
  <datafield tag="526" ind1=" " ind2=" ">
    <subfield code="a">0</subfield>
    <subfield code="b">0</subfield>
    <subfield code="c">0</subfield>
    <subfield code="d">621_402100000000000_CEN</subfield>
  </datafield>
  <datafield tag="526" ind1=" " ind2=" ">
    <subfield code="a">0</subfield>
    <subfield code="b">0</subfield>
    <subfield code="c">0</subfield>
    <subfield code="d">621_402100000000000_CEN</subfield>
  </datafield>
  <datafield tag="526" ind1=" " ind2=" ">
    <subfield code="a">0</subfield>
    <subfield code="b">0</subfield>
    <subfield code="c">0</subfield>
    <subfield code="d">621_402100000000000_CEN</subfield>
  </datafield>
  <datafield tag="526" ind1=" " ind2=" ">
    <subfield code="a">0</subfield>
    <subfield code="b">0</subfield>
    <subfield code="c">0</subfield>
    <subfield code="d">621_402100000000000_CEN</subfield>
  </datafield>
  <datafield tag="526" ind1=" " ind2=" ">
    <subfield code="a">0</subfield>
    <subfield code="b">0</subfield>
    <subfield code="c">0</subfield>
    <subfield code="d">621_402100000000000_CEN</subfield>
  </datafield>
  <datafield tag="526" ind1=" " ind2=" ">
    <subfield code="a">0</subfield>
    <subfield code="b">0</subfield>
    <subfield code="c">0</subfield>
    <subfield code="d">621_402100000000000_CEN</subfield>
  </datafield>
  <datafield tag="526" ind1=" " ind2=" ">
    <subfield code="a">0</subfield>
    <subfield code="b">0</subfield>
    <subfield code="c">0</subfield>
    <subfield code="d">621_402100000000000_CEN</subfield>
  </datafield>
  <datafield tag="526" ind1=" " ind2=" ">
    <subfield code="a">0</subfield>
    <subfield code="b">0</subfield>
    <subfield code="c">0</subfield>
    <subfield code="d">621_402100000000000_CEN</subfield>
  </datafield>
  <datafield tag="526" ind1=" " ind2=" ">
    <subfield code="a">0</subfield>
    <subfield code="b">0</subfield>
    <subfield code="c">0</subfield>
    <subfield code="d">621_402100000000000_CEN</subfield>
  </datafield>
  <datafield tag="526" ind1=" " ind2=" ">
    <subfield code="a">0</subfield>
    <subfield code="b">0</subfield>
    <subfield code="c">0</subfield>
    <subfield code="d">621_402100000000000_CEN</subfield>
  </datafield>
  <datafield tag="526" ind1=" " ind2=" ">
    <subfield code="a">0</subfield>
    <subfield code="b">0</subfield>
    <subfield code="c">0</subfield>
    <subfield code="d">621_402100000000000_CEN</subfield>
  </datafield>
  <datafield tag="526" ind1=" " ind2=" ">
    <subfield code="a">0</subfield>
    <subfield code="b">0</subfield>
    <subfield code="c">0</subfield>
    <subfield code="d">621_402100000000000_CEN</subfield>
  </datafield>
  <datafield tag="526" ind1=" " ind2=" ">
    <subfield code="a">0</subfield>
    <subfield code="b">0</subfield>
    <subfield code="c">0</subfield>
    <subfield code="d">621_402100000000000_CEN</subfield>
  </datafield>
  <datafield tag="526" ind1=" " ind2=" ">
    <subfield code="a">0</subfield>
    <subfield code="b">0</subfield>
    <subfield code="c">0</subfield>
    <subfield code="d">621_402100000000000_CEN</subfield>
  </datafield>
  <datafield tag="526" ind1=" " ind2=" ">
    <subfield code="a">0</subfield>
    <subfield code="b">0</subfield>
    <subfield code="c">0</subfield>
    <subfield code="d">621_402100000000000_CEN</subfield>
  </datafield>
  <datafield tag="526" ind1=" " ind2=" ">
    <subfield code="a">0</subfield>
    <subfield code="b">0</subfield>
    <subfield code="c">0</subfield>
    <subfield code="d">621_402100000000000_CEN</subfield>
  </datafield>
  <datafield tag="526" ind1=" " ind2=" ">
    <subfield code="a">0</subfield>
    <subfield code="b">0</subfield>
    <subfield code="c">0</subfield>
    <subfield code="d">621_402100000000000_CEN</subfield>
  </datafield>
  <datafield tag="526" ind1=" " ind2=" ">
    <subfield code="a">0</subfield>
    <subfield code="b">0</subfield>
    <subfield code="c">0</subfield>
    <subfield code="d">621_402100000000000_CEN</subfield>
  </datafield>
  <datafield tag="526" ind1=" " ind2=" ">
    <subfield code="a">0</subfield>
    <subfield code="b">0</subfield>
    <subfield code="c">0</subfield>
    <subfield code="d">621_402100000000000_CEN</subfield>
  </datafield>
  <datafield tag="526" ind1=" " ind2=" ">
    <subfield code="a">0</subfield>
    <subfield code="b">0</subfield>
    <subfield code="c">0</subfield>
    <subfield code="d">621_402100000000000_CEN</subfield>
  </datafield>
  <datafield tag="526" ind1=" " ind2=" ">
    <subfield code="a">0</subfield>
    <subfield code="b">0</subfield>
    <subfield code="c">0</subfield>
    <subfield code="d">621_402100000000000_CEN</subfield>
  </datafield>
  <datafield tag="526" ind1=" " ind2=" ">
    <subfield code="a">0</subfield>
    <subfield code="b">0</subfield>
    <subfield code="c">0</subfield>
    <subfield code="d">621_402100000000000_CEN</subfield>
  </datafield>
  <datafield tag="526" ind1=" " ind2=" ">
    <subfield code="a">0</subfield>
    <subfield code="b">0</subfield>
    <subfield code="c">0</subfield>
    <subfield code="d">621_402100000000000_CEN</subfield>
  </datafield>
  <datafield tag="526" ind1=" " ind2=" ">
    <subfield code="a">0</subfield>
    <subfield code="b">0</subfield>
    <subfield code="c">0</subfield>
    <subfield code="d">621_402100000000000_CEN</subfield>
  </datafield>
  <datafield tag="526" ind1=" " ind2=" ">
    <subfield code="a">0</subfield>
    <subfield code="b">0</subfield>
    <subfield code="c">0</subfield>
    <subfield code="d">621_402100000000000_CEN</subfield>
  </datafield>
  <datafield tag="526" ind1=" " ind2=" ">
    <subfield code="a">0</subfield>
    <subfield code="b">0</subfield>
    <subfield code="c">0</subfield>
    <subfield code="d">621_402100000000000_CEN</subfield>
  </datafield>
  <datafield tag="526" ind1=" " ind2=" ">
    <subfield code="a">0</subfield>
    <subfield code="b">0</subfield>
    <subfield code="c">0</subfield>
    <subfield code="d">621_402100000000000_CEN</subfield>
  </datafield>
  <datafield tag="526" ind1=" " ind2=" ">
    <subfield code="a">0</subfield>
    <subfield code="b">0</subfield>
    <subfield code="c">0</subfield>
    <subfield code="d">621_402100000000000_CEN</subfield>
  </datafield>
  <datafield tag="526" ind1=" " ind2=" ">
    <subfield code="a">0</subfield>
    <subfield code="b">0</subfield>
    <subfield code="c">0</subfield>
    <subfield code="d">621_402100000000000_CEN</subfield>
  </datafield>
  <datafield tag="526" ind1=" " ind2=" ">
    <subfield code="a">0</subfield>
    <subfield code="b">0</subfield>
    <subfield code="c">0</subfield>
    <subfield code="d">621_402100000000000_CEN</subfield>
  </datafield>
  <datafield tag="526" ind1=" " ind2=" ">
    <subfield code="a">0</subfield>
    <subfield code="b">0</subfield>
    <subfield code="c">0</subfield>
    <subfield code="d">621_402100000000000_CEN</subfield>
  </datafield>
  <datafield tag="526" ind1=" " ind2=" ">
    <subfield code="a">0</subfield>
    <subfield code="b">0</subfield>
    <subfield code="c">0</subfield>
    <subfield code="d">621_402100000000000_CEN</subfield>
  </datafield>
  <datafield tag="526" ind1=" " ind2=" ">
    <subfield code="a">0</subfield>
    <subfield code="b">0</subfield>
    <subfield code="c">0</subfield>
    <subfield code="d">621_402100000000000_CEN</subfield>
  </datafield>
  <datafield tag="526" ind1=" " ind2=" ">
    <subfield code="a">0</subfield>
    <subfield code="b">0</subfield>
    <subfield code="c">0</subfield>
    <subfield code="d">621_402100000000000_CEN</subfield>
  </datafield>
  <datafield tag="526" ind1=" " ind2=" ">
    <subfield code="a">0</subfield>
    <subfield code="b">0</subfield>
    <subfield code="c">0</subfield>
    <subfield code="d">621_402100000000000_CEN</subfield>
  </datafield>
  <datafield tag="526" ind1=" " ind2=" ">
    <subfield code="a">0</subfield>
    <subfield code="b">0</subfield>
    <subfield code="c">0</subfield>
    <subfield code="d">621_402100000000000_CEN</subfield>
  </datafield>
  <datafield tag="526" ind1=" " ind2=" ">
    <subfield code="a">0</subfield>
    <subfield code="b">0</subfield>
    <subfield code="c">0</subfield>
    <subfield code="d">621_402100000000000_CEN</subfield>
  </datafield>
  <datafield tag="526" ind1=" " ind2=" ">
    <subfield code="a">0</subfield>
    <subfield code="b">0</subfield>
    <subfield code="c">0</subfield>
    <subfield code="d">621_402100000000000_CEN</subfield>
  </datafield>
  <datafield tag="526" ind1=" " ind2=" ">
    <subfield code="a">0</subfield>
    <subfield code="b">0</subfield>
    <subfield code="c">0</subfield>
    <subfield code="d">621_402100000000000_CEN</subfield>
  </datafield>
  <datafield tag="526" ind1=" " ind2=" ">
    <subfield code="a">0</subfield>
    <subfield code="b">0</subfield>
    <subfield code="c">0</subfield>
    <subfield code="d">621_402100000000000_CEN</subfield>
  </datafield>
  <datafield tag="526" ind1=" " ind2=" ">
    <subfield code="a">0</subfield>
    <subfield code="b">0</subfield>
    <subfield code="c">0</subfield>
    <subfield code="d">621_402100000000000_CEN</subfield>
  </datafield>
  <datafield tag="526" ind1=" " ind2=" ">
    <subfield code="a">0</subfield>
    <subfield code="b">0</subfield>
    <subfield code="c">0</subfield>
    <subfield code="d">621_402100000000000_CEN</subfield>
  </datafield>
  <datafield tag="526" ind1=" " ind2=" ">
    <subfield code="a">0</subfield>
    <subfield code="b">0</subfield>
    <subfield code="c">0</subfield>
    <subfield code="d">621_402100000000000_CEN</subfield>
  </datafield>
  <datafield tag="526" ind1=" " ind2=" ">
    <subfield code="a">0</subfield>
    <subfield code="b">0</subfield>
    <subfield code="c">0</subfield>
    <subfield code="d">621_402100000000000_CEN</subfield>
  </datafield>
  <datafield tag="526" ind1=" " ind2=" ">
    <subfield code="a">0</subfield>
    <subfield code="b">0</subfield>
    <subfield code="c">0</subfield>
    <subfield code="d">621_402100000000000_CEN</subfield>
  </datafield>
  <datafield tag="526" ind1=" " ind2=" ">
    <subfield code="a">0</subfield>
    <subfield code="b">0</subfield>
    <subfield code="c">0</subfield>
    <subfield code="d">621_402100000000000_CEN</subfield>
  </datafield>
  <datafield tag="526" ind1=" " ind2=" ">
    <subfield code="a">0</subfield>
    <subfield code="b">0</subfield>
    <subfield code="c">0</subfield>
    <subfield code="d">621_402100000000000_CEN</subfield>
  </datafield>
  <datafield tag="526" ind1=" " ind2=" ">
    <subfield code="a">0</subfield>
    <subfield code="b">0</subfield>
    <subfield code="c">0</subfield>
    <subfield code="d">621_402100000000000_CEN</subfield>
  </datafield>
  <datafield tag="526" ind1=" " ind2=" ">
    <subfield code="a">0</subfield>
    <subfield code="b">0</subfield>
    <subfield code="c">0</subfield>
    <subfield code="d">621_402100000000000_CEN</subfield>
  </datafield>
  <datafield tag="526" ind1=" " ind2=" ">
    <subfield code="a">0</subfield>
    <subfield code="b">0</subfield>
    <subfield code="c">0</subfield>
    <subfield code="d">621_402100000000000_CEN</subfield>
  </datafield>
  <datafield tag="526" ind1=" " ind2=" ">
    <subfield code="a">0</subfield>
    <subfield code="b">0</subfield>
    <subfield code="c">0</subfield>
    <subfield code="d">621_402100000000000_CEN</subfield>
  </datafield>
  <datafield tag="526" ind1=" " ind2=" ">
    <subfield code="a">0</subfield>
    <subfield code="b">0</subfield>
    <subfield code="c">0</subfield>
    <subfield code="d">621_402100000000000_CEN</subfield>
  </datafield>
  <datafield tag="526" ind1=" " ind2=" ">
    <subfield code="a">0</subfield>
    <subfield code="b">0</subfield>
    <subfield code="c">0</subfield>
    <subfield code="d">621_402100000000000_CEN</subfield>
  </datafield>
  <datafield tag="526" ind1=" " ind2=" ">
    <subfield code="a">0</subfield>
    <subfield code="b">0</subfield>
    <subfield code="c">0</subfield>
    <subfield code="d">621_402100000000000_CEN</subfield>
  </datafield>
  <datafield tag="526" ind1=" " ind2=" ">
    <subfield code="a">0</subfield>
    <subfield code="b">0</subfield>
    <subfield code="c">0</subfield>
    <subfield code="d">621_402100000000000_CEN</subfield>
  </datafield>
  <datafield tag="526" ind1=" " ind2=" ">
    <subfield code="a">0</subfield>
    <subfield code="b">0</subfield>
    <subfield code="c">0</subfield>
    <subfield code="d">621_402100000000000_CEN</subfield>
  </datafield>
  <datafield tag="526" ind1=" " ind2=" ">
    <subfield code="a">0</subfield>
    <subfield code="b">0</subfield>
    <subfield code="c">0</subfield>
    <subfield code="d">621_402100000000000_CEN</subfield>
  </datafield>
  <datafield tag="526" ind1=" " ind2=" ">
    <subfield code="a">0</subfield>
    <subfield code="b">0</subfield>
    <subfield code="c">0</subfield>
    <subfield code="d">621_402100000000000_CEN</subfield>
  </datafield>
  <datafield tag="526" ind1=" " ind2=" ">
    <subfield code="a">0</subfield>
    <subfield code="b">0</subfield>
    <subfield code="c">0</subfield>
    <subfield code="d">621_402100000000000_CEN</subfield>
  </datafield>
  <datafield tag="526" ind1=" " ind2=" ">
    <subfield code="a">0</subfield>
    <subfield code="b">0</subfield>
    <subfield code="c">0</subfield>
    <subfield code="d">621_402100000000000_CEN</subfield>
  </datafield>
  <datafield tag="526" ind1=" " ind2=" ">
    <subfield code="a">0</subfield>
    <subfield code="b">0</subfield>
    <subfield code="c">0</subfield>
    <subfield code="d">621_402100000000000_CEN</subfield>
  </datafield>
  <datafield tag="526" ind1=" " ind2=" ">
    <subfield code="a">0</subfield>
    <subfield code="b">0</subfield>
    <subfield code="c">0</subfield>
    <subfield code="d">621_402100000000000_CEN</subfield>
  </datafield>
  <datafield tag="526" ind1=" " ind2=" ">
    <subfield code="a">0</subfield>
    <subfield code="b">0</subfield>
    <subfield code="c">0</subfield>
    <subfield code="d">621_402100000000000_CEN</subfield>
  </datafield>
  <datafield tag="526" ind1=" " ind2=" ">
    <subfield code="a">0</subfield>
    <subfield code="b">0</subfield>
    <subfield code="c">0</subfield>
    <subfield code="d">621_402100000000000_CEN</subfield>
  </datafield>
  <datafield tag="526" ind1=" " ind2=" ">
    <subfield code="a">0</subfield>
    <subfield code="b">0</subfield>
    <subfield code="c">0</subfield>
    <subfield code="d">621_402100000000000_CEN</subfield>
  </datafield>
  <datafield tag="526" ind1=" " ind2=" ">
    <subfield code="a">0</subfield>
    <subfield code="b">0</subfield>
    <subfield code="c">0</subfield>
    <subfield code="d">621_402100000000000_CEN</subfield>
  </datafield>
  <datafield tag="526" ind1=" " ind2=" ">
    <subfield code="a">0</subfield>
    <subfield code="b">0</subfield>
    <subfield code="c">0</subfield>
    <subfield code="d">621_402100000000000_CEN</subfield>
  </datafield>
  <datafield tag="526" ind1=" " ind2=" ">
    <subfield code="a">0</subfield>
    <subfield code="b">0</subfield>
    <subfield code="c">0</subfield>
    <subfield code="d">621_402100000000000_CEN</subfield>
  </datafield>
  <datafield tag="526" ind1=" " ind2=" ">
    <subfield code="a">0</subfield>
    <subfield code="b">0</subfield>
    <subfield code="c">0</subfield>
    <subfield code="d">621_402100000000000_CEN</subfield>
  </datafield>
  <datafield tag="526" ind1=" " ind2=" ">
    <subfield code="a">0</subfield>
    <subfield code="b">0</subfield>
    <subfield code="c">0</subfield>
    <subfield code="d">621_402100000000000_CEN</subfield>
  </datafield>
  <datafield tag="526" ind1=" " ind2=" ">
    <subfield code="a">0</subfield>
    <subfield code="b">0</subfield>
    <subfield code="c">0</subfield>
    <subfield code="d">621_402100000000000_CEN</subfield>
  </datafield>
  <datafield tag="526" ind1=" " ind2=" ">
    <subfield code="a">0</subfield>
    <subfield code="b">0</subfield>
    <subfield code="c">0</subfield>
    <subfield code="d">621_402100000000000_CEN</subfield>
  </datafield>
  <datafield tag="526" ind1=" " ind2=" ">
    <subfield code="a">0</subfield>
    <subfield code="b">0</subfield>
    <subfield code="c">0</subfield>
    <subfield code="d">621_402100000000000_CEN</subfield>
  </datafield>
  <datafield tag="526" ind1=" " ind2=" ">
    <subfield code="a">0</subfield>
    <subfield code="b">0</subfield>
    <subfield code="c">0</subfield>
    <subfield code="d">621_402100000000000_CEN</subfield>
  </datafield>
  <datafield tag="526" ind1=" " ind2=" ">
    <subfield code="a">0</subfield>
    <subfield code="b">0</subfield>
    <subfield code="c">0</subfield>
    <subfield code="d">621_402100000000000_CEN</subfield>
  </datafield>
  <datafield tag="526" ind1=" " ind2=" ">
    <subfield code="a">0</subfield>
    <subfield code="b">0</subfield>
    <subfield code="c">0</subfield>
    <subfield code="d">621_402100000000000_CEN</subfield>
  </datafield>
  <datafield tag="526" ind1=" " ind2=" ">
    <subfield code="a">0</subfield>
    <subfield code="b">0</subfield>
    <subfield code="c">0</subfield>
    <subfield code="d">621_402100000000000_CEN</subfield>
  </datafield>
  <datafield tag="526" ind1=" " ind2=" ">
    <subfield code="a">0</subfield>
    <subfield code="b">0</subfield>
    <subfield code="c">0</subfield>
    <subfield code="d">621_402100000000000_CEN</subfield>
  </datafield>
  <datafield tag="526" ind1=" " ind2=" ">
    <subfield code="a">0</subfield>
    <subfield code="b">0</subfield>
    <subfield code="c">0</subfield>
    <subfield code="d">621_402100000000000_CEN</subfield>
  </datafield>
  <datafield tag="526" ind1=" " ind2=" ">
    <subfield code="a">0</subfield>
    <subfield code="b">0</subfield>
    <subfield code="c">0</subfield>
    <subfield code="d">621_402100000000000_CEN</subfield>
  </datafield>
  <datafield tag="526" ind1=" " ind2=" ">
    <subfield code="a">0</subfield>
    <subfield code="b">0</subfield>
    <subfield code="c">0</subfield>
    <subfield code="d">621_402100000000000_CEN</subfield>
  </datafield>
  <datafield tag="526" ind1=" " ind2=" ">
    <subfield code="a">0</subfield>
    <subfield code="b">0</subfield>
    <subfield code="c">0</subfield>
    <subfield code="d">621_402100000000000_CEN</subfield>
  </datafield>
  <datafield tag="526" ind1=" " ind2=" ">
    <subfield code="a">0</subfield>
    <subfield code="b">0</subfield>
    <subfield code="c">0</subfield>
    <subfield code="d">621_402100000000000_CEN</subfield>
  </datafield>
  <datafield tag="526" ind1=" " ind2=" ">
    <subfield code="a">0</subfield>
    <subfield code="b">0</subfield>
    <subfield code="c">0</subfield>
    <subfield code="d">621_402100000000000_CEN</subfield>
  </datafield>
  <datafield tag="526" ind1=" " ind2=" ">
    <subfield code="a">0</subfield>
    <subfield code="b">0</subfield>
    <subfield code="c">0</subfield>
    <subfield code="d">621_402100000000000_CEN</subfield>
  </datafield>
  <datafield tag="526" ind1=" " ind2=" ">
    <subfield code="a">0</subfield>
    <subfield code="b">0</subfield>
    <subfield code="c">0</subfield>
    <subfield code="d">621_402100000000000_CEN</subfield>
  </datafield>
  <datafield tag="526" ind1=" " ind2=" ">
    <subfield code="a">0</subfield>
    <subfield code="b">0</subfield>
    <subfield code="c">0</subfield>
    <subfield code="d">621_402100000000000_CEN</subfield>
  </datafield>
  <datafield tag="526" ind1=" " ind2=" ">
    <subfield code="a">0</subfield>
    <subfield code="b">0</subfield>
    <subfield code="c">0</subfield>
    <subfield code="d">621_402100000000000_CEN</subfield>
  </datafield>
  <datafield tag="526" ind1=" " ind2=" ">
    <subfield code="a">0</subfield>
    <subfield code="b">0</subfield>
    <subfield code="c">0</subfield>
    <subfield code="d">621_402100000000000_CEN</subfield>
  </datafield>
  <datafield tag="526" ind1=" " ind2=" ">
    <subfield code="a">0</subfield>
    <subfield code="b">0</subfield>
    <subfield code="c">0</subfield>
    <subfield code="d">621_402100000000000_CEN</subfield>
  </datafield>
  <datafield tag="526" ind1=" " ind2=" ">
    <subfield code="a">0</subfield>
    <subfield code="b">0</subfield>
    <subfield code="c">0</subfield>
    <subfield code="d">621_402100000000000_CEN</subfield>
  </datafield>
  <datafield tag="526" ind1=" " ind2=" ">
    <subfield code="a">0</subfield>
    <subfield code="b">0</subfield>
    <subfield code="c">0</subfield>
    <subfield code="d">621_402100000000000_CEN</subfield>
  </datafield>
  <datafield tag="526" ind1=" " ind2=" ">
    <subfield code="a">0</subfield>
    <subfield code="b">0</subfield>
    <subfield code="c">0</subfield>
    <subfield code="d">621_402100000000000_CEN</subfield>
  </datafield>
  <datafield tag="526" ind1=" " ind2=" ">
    <subfield code="a">0</subfield>
    <subfield code="b">0</subfield>
    <subfield code="c">0</subfield>
    <subfield code="d">621_402100000000000_CEN</subfield>
  </datafield>
  <datafield tag="526" ind1=" " ind2=" ">
    <subfield code="a">0</subfield>
    <subfield code="b">0</subfield>
    <subfield code="c">0</subfield>
    <subfield code="d">621_402100000000000_CEN</subfield>
  </datafield>
  <datafield tag="526" ind1=" " ind2=" ">
    <subfield code="a">0</subfield>
    <subfield code="b">0</subfield>
    <subfield code="c">0</subfield>
    <subfield code="d">621_402100000000000_CEN</subfield>
  </datafield>
  <datafield tag="526" ind1=" " ind2=" ">
    <subfield code="a">0</subfield>
    <subfield code="b">0</subfield>
    <subfield code="c">0</subfield>
    <subfield code="d">621_402100000000000_CEN</subfield>
  </datafield>
  <datafield tag="526" ind1=" " ind2=" ">
    <subfield code="a">0</subfield>
    <subfield code="b">0</subfield>
    <subfield code="c">0</subfield>
    <subfield code="d">621_402100000000000_CEN</subfield>
  </datafield>
  <datafield tag="526" ind1=" " ind2=" ">
    <subfield code="a">0</subfield>
    <subfield code="b">0</subfield>
    <subfield code="c">0</subfield>
    <subfield code="d">621_402100000000000_CEN</subfield>
  </datafield>
  <datafield tag="526" ind1=" " ind2=" ">
    <subfield code="a">0</subfield>
    <subfield code="b">0</subfield>
    <subfield code="c">0</subfield>
    <subfield code="d">621_402100000000000_CEN</subfield>
  </datafield>
  <datafield tag="526" ind1=" " ind2=" ">
    <subfield code="a">0</subfield>
    <subfield code="b">0</subfield>
    <subfield code="c">0</subfield>
    <subfield code="d">621_402100000000000_CEN</subfield>
  </datafield>
  <datafield tag="526" ind1=" " ind2=" ">
    <subfield code="a">0</subfield>
    <subfield code="b">0</subfield>
    <subfield code="c">0</subfield>
    <subfield code="d">621_402100000000000_CEN</subfield>
  </datafield>
  <datafield tag="526" ind1=" " ind2=" ">
    <subfield code="a">0</subfield>
    <subfield code="b">0</subfield>
    <subfield code="c">0</subfield>
    <subfield code="d">621_402100000000000_CEN</subfield>
  </datafield>
  <datafield tag="526" ind1=" " ind2=" ">
    <subfield code="a">0</subfield>
    <subfield code="b">0</subfield>
    <subfield code="c">0</subfield>
    <subfield code="d">621_402100000000000_CEN</subfield>
  </datafield>
  <datafield tag="526" ind1=" " ind2=" ">
    <subfield code="a">0</subfield>
    <subfield code="b">0</subfield>
    <subfield code="c">0</subfield>
    <subfield code="d">621_402100000000000_CEN</subfield>
  </datafield>
  <datafield tag="526" ind1=" " ind2=" ">
    <subfield code="a">0</subfield>
    <subfield code="b">0</subfield>
    <subfield code="c">0</subfield>
    <subfield code="d">621_402100000000000_CEN</subfield>
  </datafield>
  <datafield tag="526" ind1=" " ind2=" ">
    <subfield code="a">0</subfield>
    <subfield code="b">0</subfield>
    <subfield code="c">0</subfield>
    <subfield code="d">621_402100000000000_CEN</subfield>
  </datafield>
  <datafield tag="526" ind1=" " ind2=" ">
    <subfield code="a">0</subfield>
    <subfield code="b">0</subfield>
    <subfield code="c">0</subfield>
    <subfield code="d">621_402100000000000_CEN</subfield>
  </datafield>
  <datafield tag="526" ind1=" " ind2=" ">
    <subfield code="a">0</subfield>
    <subfield code="b">0</subfield>
    <subfield code="c">0</subfield>
    <subfield code="d">621_402100000000000_CEN</subfield>
  </datafield>
  <datafield tag="526" ind1=" " ind2=" ">
    <subfield code="a">0</subfield>
    <subfield code="b">0</subfield>
    <subfield code="c">0</subfield>
    <subfield code="d">621_402100000000000_CEN</subfield>
  </datafield>
  <datafield tag="526" ind1=" " ind2=" ">
    <subfield code="a">0</subfield>
    <subfield code="b">0</subfield>
    <subfield code="c">0</subfield>
    <subfield code="d">621_402100000000000_CEN</subfield>
  </datafield>
  <datafield tag="526" ind1=" " ind2=" ">
    <subfield code="a">0</subfield>
    <subfield code="b">0</subfield>
    <subfield code="c">0</subfield>
    <subfield code="d">621_402100000000000_CEN</subfield>
  </datafield>
  <datafield tag="526" ind1=" " ind2=" ">
    <subfield code="a">0</subfield>
    <subfield code="b">0</subfield>
    <subfield code="c">0</subfield>
    <subfield code="d">621_402100000000000_CEN</subfield>
  </datafield>
  <datafield tag="526" ind1=" " ind2=" ">
    <subfield code="a">0</subfield>
    <subfield code="b">0</subfield>
    <subfield code="c">0</subfield>
    <subfield code="d">621_402100000000000_CEN</subfield>
  </datafield>
  <datafield tag="526" ind1=" " ind2=" ">
    <subfield code="a">0</subfield>
    <subfield code="b">0</subfield>
    <subfield code="c">0</subfield>
    <subfield code="d">621_402100000000000_CEN</subfield>
  </datafield>
  <datafield tag="526" ind1=" " ind2=" ">
    <subfield code="a">0</subfield>
    <subfield code="b">0</subfield>
    <subfield code="c">0</subfield>
    <subfield code="d">621_402100000000000_CEN</subfield>
  </datafield>
  <datafield tag="526" ind1=" " ind2=" ">
    <subfield code="a">0</subfield>
    <subfield code="b">0</subfield>
    <subfield code="c">0</subfield>
    <subfield code="d">621_402100000000000_CEN</subfield>
  </datafield>
  <datafield tag="526" ind1=" " ind2=" ">
    <subfield code="a">0</subfield>
    <subfield code="b">0</subfield>
    <subfield code="c">0</subfield>
    <subfield code="d">621_402100000000000_CEN</subfield>
  </datafield>
  <datafield tag="526" ind1=" " ind2=" ">
    <subfield code="a">0</subfield>
    <subfield code="b">0</subfield>
    <subfield code="c">0</subfield>
    <subfield code="d">621_402100000000000_CEN</subfield>
  </datafield>
  <datafield tag="526" ind1=" " ind2=" ">
    <subfield code="a">0</subfield>
    <subfield code="b">0</subfield>
    <subfield code="c">0</subfield>
    <subfield code="d">621_402100000000000_CEN</subfield>
  </datafield>
  <datafield tag="526" ind1=" " ind2=" ">
    <subfield code="a">0</subfield>
    <subfield code="b">0</subfield>
    <subfield code="c">0</subfield>
    <subfield code="d">621_402100000000000_CEN</subfield>
  </datafield>
  <datafield tag="526" ind1=" " ind2=" ">
    <subfield code="a">0</subfield>
    <subfield code="b">0</subfield>
    <subfield code="c">0</subfield>
    <subfield code="d">621_402100000000000_CEN</subfield>
  </datafield>
  <datafield tag="526" ind1=" " ind2=" ">
    <subfield code="a">0</subfield>
    <subfield code="b">0</subfield>
    <subfield code="c">0</subfield>
    <subfield code="d">621_402100000000000_CEN</subfield>
  </datafield>
  <datafield tag="526" ind1=" " ind2=" ">
    <subfield code="a">0</subfield>
    <subfield code="b">0</subfield>
    <subfield code="c">0</subfield>
    <subfield code="d">621_402100000000000_CEN</subfield>
  </datafield>
  <datafield tag="526" ind1=" " ind2=" ">
    <subfield code="a">0</subfield>
    <subfield code="b">0</subfield>
    <subfield code="c">0</subfield>
    <subfield code="d">621_402100000000000_CEN</subfield>
  </datafield>
  <datafield tag="526" ind1=" " ind2=" ">
    <subfield code="a">0</subfield>
    <subfield code="b">0</subfield>
    <subfield code="c">0</subfield>
    <subfield code="d">621_402100000000000_CEN</subfield>
  </datafield>
  <datafield tag="526" ind1=" " ind2=" ">
    <subfield code="a">0</subfield>
    <subfield code="b">0</subfield>
    <subfield code="c">0</subfield>
    <subfield code="d">621_402100000000000_CEN</subfield>
  </datafield>
  <datafield tag="526" ind1=" " ind2=" ">
    <subfield code="a">0</subfield>
    <subfield code="b">0</subfield>
    <subfield code="c">0</subfield>
    <subfield code="d">621_402100000000000_CEN</subfield>
  </datafield>
  <datafield tag="526" ind1=" " ind2=" ">
    <subfield code="a">0</subfield>
    <subfield code="b">0</subfield>
    <subfield code="c">0</subfield>
    <subfield code="d">621_402100000000000_CEN</subfield>
  </datafield>
  <datafield tag="526" ind1=" " ind2=" ">
    <subfield code="a">0</subfield>
    <subfield code="b">0</subfield>
    <subfield code="c">0</subfield>
    <subfield code="d">621_402100000000000_CEN</subfield>
  </datafield>
  <datafield tag="526" ind1=" " ind2=" ">
    <subfield code="a">0</subfield>
    <subfield code="b">0</subfield>
    <subfield code="c">0</subfield>
    <subfield code="d">621_402100000000000_CEN</subfield>
  </datafield>
  <datafield tag="526" ind1=" " ind2=" ">
    <subfield code="a">0</subfield>
    <subfield code="b">0</subfield>
    <subfield code="c">0</subfield>
    <subfield code="d">621_402100000000000_CEN</subfield>
  </datafield>
  <datafield tag="526" ind1=" " ind2=" ">
    <subfield code="a">0</subfield>
    <subfield code="b">0</subfield>
    <subfield code="c">0</subfield>
    <subfield code="d">621_402100000000000_CEN</subfield>
  </datafield>
  <datafield tag="526" ind1=" " ind2=" ">
    <subfield code="a">0</subfield>
    <subfield code="b">0</subfield>
    <subfield code="c">0</subfield>
    <subfield code="d">621_402100000000000_CEN</subfield>
  </datafield>
  <datafield tag="526" ind1=" " ind2=" ">
    <subfield code="a">0</subfield>
    <subfield code="b">0</subfield>
    <subfield code="c">0</subfield>
    <subfield code="d">621_402100000000000_CEN</subfield>
  </datafield>
  <datafield tag="526" ind1=" " ind2=" ">
    <subfield code="a">0</subfield>
    <subfield code="b">0</subfield>
    <subfield code="c">0</subfield>
    <subfield code="d">621_402100000000000_CEN</subfield>
  </datafield>
  <datafield tag="526" ind1=" " ind2=" ">
    <subfield code="a">0</subfield>
    <subfield code="b">0</subfield>
    <subfield code="c">0</subfield>
    <subfield code="d">621_402100000000000_CEN</subfield>
  </datafield>
  <datafield tag="526" ind1=" " ind2=" ">
    <subfield code="a">0</subfield>
    <subfield code="b">0</subfield>
    <subfield code="c">0</subfield>
    <subfield code="d">621_402100000000000_CEN</subfield>
  </datafield>
  <datafield tag="526" ind1=" " ind2=" ">
    <subfield code="a">0</subfield>
    <subfield code="b">0</subfield>
    <subfield code="c">0</subfield>
    <subfield code="d">621_402100000000000_CEN</subfield>
  </datafield>
  <datafield tag="526" ind1=" " ind2=" ">
    <subfield code="a">0</subfield>
    <subfield code="b">0</subfield>
    <subfield code="c">0</subfield>
    <subfield code="d">621_402100000000000_CEN</subfield>
  </datafield>
  <datafield tag="526" ind1=" " ind2=" ">
    <subfield code="a">0</subfield>
    <subfield code="b">0</subfield>
    <subfield code="c">0</subfield>
    <subfield code="d">621_402100000000000_CEN</subfield>
  </datafield>
  <datafield tag="526" ind1=" " ind2=" ">
    <subfield code="a">0</subfield>
    <subfield code="b">0</subfield>
    <subfield code="c">0</subfield>
    <subfield code="d">621_402100000000000_CEN</subfield>
  </datafield>
  <datafield tag="526" ind1=" " ind2=" ">
    <subfield code="a">0</subfield>
    <subfield code="b">0</subfield>
    <subfield code="c">0</subfield>
    <subfield code="d">621_402100000000000_CEN</subfield>
  </datafield>
  <datafield tag="526" ind1=" " ind2=" ">
    <subfield code="a">0</subfield>
    <subfield code="b">0</subfield>
    <subfield code="c">0</subfield>
    <subfield code="d">621_402100000000000_CEN</subfield>
  </datafield>
  <datafield tag="526" ind1=" " ind2=" ">
    <subfield code="a">0</subfield>
    <subfield code="b">1</subfield>
    <subfield code="c">0</subfield>
    <subfield code="d">621_402100000000000_CEN</subfield>
  </datafield>
  <datafield tag="526" ind1=" " ind2=" ">
    <subfield code="a">0</subfield>
    <subfield code="b">1</subfield>
    <subfield code="c">0</subfield>
    <subfield code="d">621_402100000000000_CEN</subfield>
  </datafield>
  <datafield tag="650" ind1=" " ind2=" ">
    <subfield code="a">MCE</subfield>
    <subfield code="9">379</subfield>
  </datafield>
  <datafield tag="942" ind1=" " ind2=" ">
    <subfield code="2">ddc</subfield>
    <subfield code="c">BK</subfield>
  </datafield>
  <datafield tag="999" ind1=" " ind2=" ">
    <subfield code="c">542630</subfield>
    <subfield code="d">542630</subfield>
  </datafield>
  <datafield tag="952" ind1=" " ind2=" ">
    <subfield code="0">0</subfield>
    <subfield code="1">0</subfield>
    <subfield code="2">ddc</subfield>
    <subfield code="4">0</subfield>
    <subfield code="7">0</subfield>
    <subfield code="a">MCE</subfield>
    <subfield code="b">MCE</subfield>
    <subfield code="d">2014-09-30</subfield>
    <subfield code="l">1</subfield>
    <subfield code="m">1</subfield>
    <subfield code="o">621.4021  CEN</subfield>
    <subfield code="p">MCE-45275</subfield>
    <subfield code="r">2016-08-31</subfield>
    <subfield code="s">2014-10-15</subfield>
    <subfield code="w">2014-09-30</subfield>
    <subfield code="y">BK</subfield>
  </datafield>
  <datafield tag="952" ind1=" " ind2=" ">
    <subfield code="0">0</subfield>
    <subfield code="1">0</subfield>
    <subfield code="2">ddc</subfield>
    <subfield code="4">0</subfield>
    <subfield code="7">0</subfield>
    <subfield code="a">MCE</subfield>
    <subfield code="b">MCE</subfield>
    <subfield code="d">2014-02-06</subfield>
    <subfield code="l">5</subfield>
    <subfield code="o">621.4021  CEN</subfield>
    <subfield code="p">MCE-48745</subfield>
    <subfield code="r">2019-06-26</subfield>
    <subfield code="s">2019-02-22</subfield>
    <subfield code="w">2014-02-06</subfield>
    <subfield code="y">BK</subfield>
  </datafield>
  <datafield tag="952" ind1=" " ind2=" ">
    <subfield code="0">0</subfield>
    <subfield code="1">0</subfield>
    <subfield code="2">ddc</subfield>
    <subfield code="4">0</subfield>
    <subfield code="7">0</subfield>
    <subfield code="a">MCE</subfield>
    <subfield code="b">MCE</subfield>
    <subfield code="d">2014-02-06</subfield>
    <subfield code="l">5</subfield>
    <subfield code="o">621.4021  CEN</subfield>
    <subfield code="p">MCE-48711</subfield>
    <subfield code="r">2019-06-25</subfield>
    <subfield code="s">2019-02-22</subfield>
    <subfield code="w">2014-02-06</subfield>
    <subfield code="y">BK</subfield>
  </datafield>
  <datafield tag="952" ind1=" " ind2=" ">
    <subfield code="0">0</subfield>
    <subfield code="1">0</subfield>
    <subfield code="2">ddc</subfield>
    <subfield code="4">0</subfield>
    <subfield code="7">0</subfield>
    <subfield code="a">MCE</subfield>
    <subfield code="b">MCE</subfield>
    <subfield code="d">2014-02-06</subfield>
    <subfield code="l">5</subfield>
    <subfield code="o">621.4021  CEN</subfield>
    <subfield code="p">MCE-48712</subfield>
    <subfield code="r">2019-06-25</subfield>
    <subfield code="s">2019-02-22</subfield>
    <subfield code="w">2021-03-14</subfield>
    <subfield code="y">BK</subfield>
  </datafield>
  <datafield tag="952" ind1=" " ind2=" ">
    <subfield code="0">0</subfield>
    <subfield code="1">0</subfield>
    <subfield code="2">ddc</subfield>
    <subfield code="4">0</subfield>
    <subfield code="7">0</subfield>
    <subfield code="a">MCE</subfield>
    <subfield code="b">MCE</subfield>
    <subfield code="d">2014-02-06</subfield>
    <subfield code="l">5</subfield>
    <subfield code="o">621.4021  CEN</subfield>
    <subfield code="p">MCE-48713</subfield>
    <subfield code="r">2019-06-25</subfield>
    <subfield code="s">2019-02-25</subfield>
    <subfield code="w">2021-03-14</subfield>
    <subfield code="y">BK</subfield>
  </datafield>
  <datafield tag="952" ind1=" " ind2=" ">
    <subfield code="0">0</subfield>
    <subfield code="1">0</subfield>
    <subfield code="2">ddc</subfield>
    <subfield code="4">0</subfield>
    <subfield code="7">0</subfield>
    <subfield code="a">MCE</subfield>
    <subfield code="b">MCE</subfield>
    <subfield code="d">2014-02-06</subfield>
    <subfield code="l">5</subfield>
    <subfield code="o">621.4021  CEN</subfield>
    <subfield code="p">MCE-48714</subfield>
    <subfield code="r">2019-06-26</subfield>
    <subfield code="s">2019-02-22</subfield>
    <subfield code="w">2021-03-14</subfield>
    <subfield code="y">BK</subfield>
  </datafield>
  <datafield tag="952" ind1=" " ind2=" ">
    <subfield code="0">0</subfield>
    <subfield code="1">0</subfield>
    <subfield code="2">ddc</subfield>
    <subfield code="4">0</subfield>
    <subfield code="7">0</subfield>
    <subfield code="a">MCE</subfield>
    <subfield code="b">MCE</subfield>
    <subfield code="d">2014-02-06</subfield>
    <subfield code="l">4</subfield>
    <subfield code="o">621.4021  CEN</subfield>
    <subfield code="p">MCE-48715</subfield>
    <subfield code="r">2019-06-26</subfield>
    <subfield code="s">2019-02-22</subfield>
    <subfield code="w">2014-02-06</subfield>
    <subfield code="y">BK</subfield>
  </datafield>
  <datafield tag="952" ind1=" " ind2=" ">
    <subfield code="0">0</subfield>
    <subfield code="1">0</subfield>
    <subfield code="2">ddc</subfield>
    <subfield code="4">0</subfield>
    <subfield code="7">0</subfield>
    <subfield code="a">MCE</subfield>
    <subfield code="b">MCE</subfield>
    <subfield code="d">2014-02-06</subfield>
    <subfield code="l">5</subfield>
    <subfield code="o">621.4021  CEN</subfield>
    <subfield code="p">MCE-48716</subfield>
    <subfield code="r">2019-06-24</subfield>
    <subfield code="s">2019-03-21</subfield>
    <subfield code="w">2021-03-14</subfield>
    <subfield code="y">BK</subfield>
  </datafield>
  <datafield tag="952" ind1=" " ind2=" ">
    <subfield code="0">0</subfield>
    <subfield code="1">0</subfield>
    <subfield code="2">ddc</subfield>
    <subfield code="4">0</subfield>
    <subfield code="7">0</subfield>
    <subfield code="a">MCE</subfield>
    <subfield code="b">MCE</subfield>
    <subfield code="d">2014-02-06</subfield>
    <subfield code="l">5</subfield>
    <subfield code="o">621.4021  CEN</subfield>
    <subfield code="p">MCE-48717</subfield>
    <subfield code="r">2019-06-25</subfield>
    <subfield code="s">2019-03-06</subfield>
    <subfield code="w">2021-03-14</subfield>
    <subfield code="y">BK</subfield>
  </datafield>
  <datafield tag="952" ind1=" " ind2=" ">
    <subfield code="0">0</subfield>
    <subfield code="1">0</subfield>
    <subfield code="2">ddc</subfield>
    <subfield code="4">0</subfield>
    <subfield code="7">0</subfield>
    <subfield code="a">MCE</subfield>
    <subfield code="b">MCE</subfield>
    <subfield code="d">2014-02-06</subfield>
    <subfield code="l">6</subfield>
    <subfield code="o">621.4021  CEN</subfield>
    <subfield code="p">MCE-48718</subfield>
    <subfield code="r">2018-07-12</subfield>
    <subfield code="s">2018-05-03</subfield>
    <subfield code="w">2021-03-14</subfield>
    <subfield code="y">BK</subfield>
  </datafield>
  <datafield tag="952" ind1=" " ind2=" ">
    <subfield code="0">0</subfield>
    <subfield code="1">0</subfield>
    <subfield code="2">ddc</subfield>
    <subfield code="4">0</subfield>
    <subfield code="7">0</subfield>
    <subfield code="a">MCE</subfield>
    <subfield code="b">MCE</subfield>
    <subfield code="d">2014-02-06</subfield>
    <subfield code="l">6</subfield>
    <subfield code="o">621.4021  CEN</subfield>
    <subfield code="p">MCE-48719</subfield>
    <subfield code="r">2019-06-27</subfield>
    <subfield code="s">2019-03-22</subfield>
    <subfield code="w">2021-03-14</subfield>
    <subfield code="y">BK</subfield>
  </datafield>
  <datafield tag="952" ind1=" " ind2=" ">
    <subfield code="0">0</subfield>
    <subfield code="1">0</subfield>
    <subfield code="2">ddc</subfield>
    <subfield code="4">0</subfield>
    <subfield code="7">0</subfield>
    <subfield code="a">MCE</subfield>
    <subfield code="b">MCE</subfield>
    <subfield code="d">2014-02-06</subfield>
    <subfield code="l">4</subfield>
    <subfield code="o">621.4021  CEN</subfield>
    <subfield code="p">MCE-48720</subfield>
    <subfield code="r">2019-06-24</subfield>
    <subfield code="s">2019-02-26</subfield>
    <subfield code="w">2021-03-14</subfield>
    <subfield code="y">BK</subfield>
  </datafield>
  <datafield tag="952" ind1=" " ind2=" ">
    <subfield code="0">0</subfield>
    <subfield code="1">0</subfield>
    <subfield code="2">ddc</subfield>
    <subfield code="4">0</subfield>
    <subfield code="7">0</subfield>
    <subfield code="a">MCE</subfield>
    <subfield code="b">MCE</subfield>
    <subfield code="d">2014-02-06</subfield>
    <subfield code="l">5</subfield>
    <subfield code="o">621.4021  CEN</subfield>
    <subfield code="p">MCE-48721</subfield>
    <subfield code="r">2019-06-25</subfield>
    <subfield code="s">2019-03-06</subfield>
    <subfield code="w">2021-03-14</subfield>
    <subfield code="y">BK</subfield>
  </datafield>
  <datafield tag="952" ind1=" " ind2=" ">
    <subfield code="0">0</subfield>
    <subfield code="1">0</subfield>
    <subfield code="2">ddc</subfield>
    <subfield code="4">0</subfield>
    <subfield code="7">0</subfield>
    <subfield code="a">MCE</subfield>
    <subfield code="b">MCE</subfield>
    <subfield code="d">2014-02-06</subfield>
    <subfield code="l">5</subfield>
    <subfield code="o">621.4021  CEN</subfield>
    <subfield code="p">MCE-48722</subfield>
    <subfield code="r">2019-06-28</subfield>
    <subfield code="s">2019-03-07</subfield>
    <subfield code="w">2021-03-14</subfield>
    <subfield code="y">BK</subfield>
  </datafield>
  <datafield tag="952" ind1=" " ind2=" ">
    <subfield code="0">0</subfield>
    <subfield code="1">0</subfield>
    <subfield code="2">ddc</subfield>
    <subfield code="4">0</subfield>
    <subfield code="7">0</subfield>
    <subfield code="a">MCE</subfield>
    <subfield code="b">MCE</subfield>
    <subfield code="d">2014-02-06</subfield>
    <subfield code="l">6</subfield>
    <subfield code="o">621.4021  CEN</subfield>
    <subfield code="p">MCE-48723</subfield>
    <subfield code="r">2020-07-16</subfield>
    <subfield code="s">2020-02-10</subfield>
    <subfield code="w">2021-03-14</subfield>
    <subfield code="y">BK</subfield>
  </datafield>
  <datafield tag="952" ind1=" " ind2=" ">
    <subfield code="0">0</subfield>
    <subfield code="1">0</subfield>
    <subfield code="2">ddc</subfield>
    <subfield code="4">0</subfield>
    <subfield code="7">0</subfield>
    <subfield code="a">MCE</subfield>
    <subfield code="b">MCE</subfield>
    <subfield code="d">2014-02-06</subfield>
    <subfield code="l">5</subfield>
    <subfield code="o">621.4021  CEN</subfield>
    <subfield code="p">MCE-48725</subfield>
    <subfield code="r">2019-06-25</subfield>
    <subfield code="s">2019-02-22</subfield>
    <subfield code="w">2021-03-14</subfield>
    <subfield code="y">BK</subfield>
  </datafield>
  <datafield tag="952" ind1=" " ind2=" ">
    <subfield code="0">0</subfield>
    <subfield code="1">0</subfield>
    <subfield code="2">ddc</subfield>
    <subfield code="4">0</subfield>
    <subfield code="7">0</subfield>
    <subfield code="a">MCE</subfield>
    <subfield code="b">MCE</subfield>
    <subfield code="d">2014-02-06</subfield>
    <subfield code="l">5</subfield>
    <subfield code="o">621.4021  CEN</subfield>
    <subfield code="p">MCE-48726</subfield>
    <subfield code="r">2019-06-27</subfield>
    <subfield code="s">2019-03-06</subfield>
    <subfield code="w">2021-03-14</subfield>
    <subfield code="y">BK</subfield>
  </datafield>
  <datafield tag="952" ind1=" " ind2=" ">
    <subfield code="0">0</subfield>
    <subfield code="1">0</subfield>
    <subfield code="2">ddc</subfield>
    <subfield code="4">0</subfield>
    <subfield code="7">0</subfield>
    <subfield code="a">MCE</subfield>
    <subfield code="b">MCE</subfield>
    <subfield code="d">2014-02-06</subfield>
    <subfield code="l">8</subfield>
    <subfield code="o">621.4021  CEN</subfield>
    <subfield code="p">MCE-48728</subfield>
    <subfield code="r">2019-06-24</subfield>
    <subfield code="s">2019-02-20</subfield>
    <subfield code="w">2021-03-14</subfield>
    <subfield code="y">BK</subfield>
  </datafield>
  <datafield tag="952" ind1=" " ind2=" ">
    <subfield code="0">0</subfield>
    <subfield code="1">0</subfield>
    <subfield code="2">ddc</subfield>
    <subfield code="4">0</subfield>
    <subfield code="7">0</subfield>
    <subfield code="a">MCE</subfield>
    <subfield code="b">MCE</subfield>
    <subfield code="d">2014-02-06</subfield>
    <subfield code="l">4</subfield>
    <subfield code="o">621.4021  CEN</subfield>
    <subfield code="p">MCE-48727</subfield>
    <subfield code="r">2018-07-13</subfield>
    <subfield code="s">2018-03-13</subfield>
    <subfield code="w">2021-03-14</subfield>
    <subfield code="y">BK</subfield>
  </datafield>
  <datafield tag="952" ind1=" " ind2=" ">
    <subfield code="0">0</subfield>
    <subfield code="1">0</subfield>
    <subfield code="2">ddc</subfield>
    <subfield code="4">0</subfield>
    <subfield code="7">0</subfield>
    <subfield code="a">MCE</subfield>
    <subfield code="b">MCE</subfield>
    <subfield code="d">2014-02-06</subfield>
    <subfield code="l">5</subfield>
    <subfield code="o">621.4021  CEN</subfield>
    <subfield code="p">MCE-48729</subfield>
    <subfield code="r">2019-06-25</subfield>
    <subfield code="s">2019-03-06</subfield>
    <subfield code="w">2021-03-14</subfield>
    <subfield code="y">BK</subfield>
  </datafield>
  <datafield tag="952" ind1=" " ind2=" ">
    <subfield code="0">0</subfield>
    <subfield code="1">0</subfield>
    <subfield code="2">ddc</subfield>
    <subfield code="4">0</subfield>
    <subfield code="7">0</subfield>
    <subfield code="a">MCE</subfield>
    <subfield code="b">MCE</subfield>
    <subfield code="d">2014-02-06</subfield>
    <subfield code="l">5</subfield>
    <subfield code="o">621.4021  CEN</subfield>
    <subfield code="p">MCE-48730</subfield>
    <subfield code="r">2019-06-26</subfield>
    <subfield code="s">2019-03-06</subfield>
    <subfield code="w">2021-03-14</subfield>
    <subfield code="y">BK</subfield>
  </datafield>
  <datafield tag="952" ind1=" " ind2=" ">
    <subfield code="0">0</subfield>
    <subfield code="1">0</subfield>
    <subfield code="2">ddc</subfield>
    <subfield code="4">0</subfield>
    <subfield code="7">0</subfield>
    <subfield code="a">MCE</subfield>
    <subfield code="b">MCE</subfield>
    <subfield code="d">2014-02-06</subfield>
    <subfield code="l">4</subfield>
    <subfield code="o">621.4021  CEN</subfield>
    <subfield code="p">MCE-48731</subfield>
    <subfield code="r">2019-06-27</subfield>
    <subfield code="s">2019-02-19</subfield>
    <subfield code="w">2021-03-14</subfield>
    <subfield code="y">BK</subfield>
  </datafield>
  <datafield tag="952" ind1=" " ind2=" ">
    <subfield code="0">0</subfield>
    <subfield code="1">0</subfield>
    <subfield code="2">ddc</subfield>
    <subfield code="4">0</subfield>
    <subfield code="7">0</subfield>
    <subfield code="a">MCE</subfield>
    <subfield code="b">MCE</subfield>
    <subfield code="d">2014-02-06</subfield>
    <subfield code="l">5</subfield>
    <subfield code="o">621.4021  CEN</subfield>
    <subfield code="p">MCE-48732</subfield>
    <subfield code="r">2019-06-26</subfield>
    <subfield code="s">2019-03-06</subfield>
    <subfield code="w">2021-03-14</subfield>
    <subfield code="y">BK</subfield>
  </datafield>
  <datafield tag="952" ind1=" " ind2=" ">
    <subfield code="0">0</subfield>
    <subfield code="1">0</subfield>
    <subfield code="2">ddc</subfield>
    <subfield code="4">0</subfield>
    <subfield code="7">0</subfield>
    <subfield code="a">MCE</subfield>
    <subfield code="b">MCE</subfield>
    <subfield code="d">2014-02-06</subfield>
    <subfield code="l">5</subfield>
    <subfield code="o">621.4021  CEN</subfield>
    <subfield code="p">MCE-48733</subfield>
    <subfield code="r">2019-06-24</subfield>
    <subfield code="s">2019-03-04</subfield>
    <subfield code="w">2021-03-14</subfield>
    <subfield code="y">BK</subfield>
  </datafield>
  <datafield tag="952" ind1=" " ind2=" ">
    <subfield code="0">0</subfield>
    <subfield code="1">0</subfield>
    <subfield code="2">ddc</subfield>
    <subfield code="4">0</subfield>
    <subfield code="7">0</subfield>
    <subfield code="a">MCE</subfield>
    <subfield code="b">MCE</subfield>
    <subfield code="d">2014-02-06</subfield>
    <subfield code="l">5</subfield>
    <subfield code="o">621.4021  CEN</subfield>
    <subfield code="p">MCE-48734</subfield>
    <subfield code="r">2020-07-07</subfield>
    <subfield code="s">2020-06-25</subfield>
    <subfield code="w">2021-03-14</subfield>
    <subfield code="y">BK</subfield>
  </datafield>
  <datafield tag="952" ind1=" " ind2=" ">
    <subfield code="0">0</subfield>
    <subfield code="1">0</subfield>
    <subfield code="2">ddc</subfield>
    <subfield code="4">0</subfield>
    <subfield code="7">0</subfield>
    <subfield code="a">MCE</subfield>
    <subfield code="b">MCE</subfield>
    <subfield code="d">2014-02-06</subfield>
    <subfield code="l">5</subfield>
    <subfield code="o">621.4021  CEN</subfield>
    <subfield code="p">MCE-48735</subfield>
    <subfield code="r">2019-06-26</subfield>
    <subfield code="s">2019-02-20</subfield>
    <subfield code="w">2021-03-14</subfield>
    <subfield code="y">BK</subfield>
  </datafield>
  <datafield tag="952" ind1=" " ind2=" ">
    <subfield code="0">0</subfield>
    <subfield code="1">0</subfield>
    <subfield code="2">ddc</subfield>
    <subfield code="4">0</subfield>
    <subfield code="7">0</subfield>
    <subfield code="a">MCE</subfield>
    <subfield code="b">MCE</subfield>
    <subfield code="d">2014-02-06</subfield>
    <subfield code="l">5</subfield>
    <subfield code="o">621.4021  CEN</subfield>
    <subfield code="p">MCE-48736</subfield>
    <subfield code="r">2019-06-25</subfield>
    <subfield code="s">2019-02-22</subfield>
    <subfield code="w">2021-03-14</subfield>
    <subfield code="y">BK</subfield>
  </datafield>
  <datafield tag="952" ind1=" " ind2=" ">
    <subfield code="0">0</subfield>
    <subfield code="1">0</subfield>
    <subfield code="2">ddc</subfield>
    <subfield code="4">0</subfield>
    <subfield code="7">0</subfield>
    <subfield code="a">MCE</subfield>
    <subfield code="b">MCE</subfield>
    <subfield code="d">2014-02-06</subfield>
    <subfield code="l">5</subfield>
    <subfield code="o">621.4021  CEN</subfield>
    <subfield code="p">MCE-48737</subfield>
    <subfield code="r">2019-06-26</subfield>
    <subfield code="s">2019-02-22</subfield>
    <subfield code="w">2021-03-14</subfield>
    <subfield code="y">BK</subfield>
  </datafield>
  <datafield tag="952" ind1=" " ind2=" ">
    <subfield code="0">0</subfield>
    <subfield code="1">0</subfield>
    <subfield code="2">ddc</subfield>
    <subfield code="4">0</subfield>
    <subfield code="7">0</subfield>
    <subfield code="a">MCE</subfield>
    <subfield code="b">MCE</subfield>
    <subfield code="d">2014-02-06</subfield>
    <subfield code="l">5</subfield>
    <subfield code="o">621.4021  CEN</subfield>
    <subfield code="p">MCE-48738</subfield>
    <subfield code="r">2019-06-25</subfield>
    <subfield code="s">2019-03-06</subfield>
    <subfield code="w">2021-03-14</subfield>
    <subfield code="y">BK</subfield>
  </datafield>
  <datafield tag="952" ind1=" " ind2=" ">
    <subfield code="0">0</subfield>
    <subfield code="1">0</subfield>
    <subfield code="2">ddc</subfield>
    <subfield code="4">0</subfield>
    <subfield code="7">0</subfield>
    <subfield code="a">MCE</subfield>
    <subfield code="b">MCE</subfield>
    <subfield code="d">2014-02-06</subfield>
    <subfield code="l">5</subfield>
    <subfield code="o">621.4021  CEN</subfield>
    <subfield code="p">MCE-48739</subfield>
    <subfield code="r">2019-06-27</subfield>
    <subfield code="s">2019-02-22</subfield>
    <subfield code="w">2021-03-14</subfield>
    <subfield code="y">BK</subfield>
  </datafield>
  <datafield tag="952" ind1=" " ind2=" ">
    <subfield code="0">0</subfield>
    <subfield code="1">0</subfield>
    <subfield code="2">ddc</subfield>
    <subfield code="4">0</subfield>
    <subfield code="7">0</subfield>
    <subfield code="a">MCE</subfield>
    <subfield code="b">MCE</subfield>
    <subfield code="d">2014-02-06</subfield>
    <subfield code="l">5</subfield>
    <subfield code="o">621.4021  CEN</subfield>
    <subfield code="p">MCE-48741</subfield>
    <subfield code="r">2019-06-25</subfield>
    <subfield code="s">2019-03-06</subfield>
    <subfield code="w">2021-03-14</subfield>
    <subfield code="y">BK</subfield>
  </datafield>
  <datafield tag="952" ind1=" " ind2=" ">
    <subfield code="0">0</subfield>
    <subfield code="1">0</subfield>
    <subfield code="2">ddc</subfield>
    <subfield code="4">0</subfield>
    <subfield code="7">0</subfield>
    <subfield code="a">MCE</subfield>
    <subfield code="b">MCE</subfield>
    <subfield code="d">2014-02-06</subfield>
    <subfield code="l">5</subfield>
    <subfield code="o">621.4021  CEN</subfield>
    <subfield code="p">MCE-48742</subfield>
    <subfield code="r">2019-06-26</subfield>
    <subfield code="s">2019-02-25</subfield>
    <subfield code="w">2021-03-14</subfield>
    <subfield code="y">BK</subfield>
  </datafield>
  <datafield tag="952" ind1=" " ind2=" ">
    <subfield code="0">0</subfield>
    <subfield code="1">0</subfield>
    <subfield code="2">ddc</subfield>
    <subfield code="4">0</subfield>
    <subfield code="7">0</subfield>
    <subfield code="a">MCE</subfield>
    <subfield code="b">MCE</subfield>
    <subfield code="d">2014-02-06</subfield>
    <subfield code="l">5</subfield>
    <subfield code="o">621.4021  CEN</subfield>
    <subfield code="p">MCE-48743</subfield>
    <subfield code="r">2019-06-25</subfield>
    <subfield code="s">2019-03-06</subfield>
    <subfield code="w">2021-03-14</subfield>
    <subfield code="y">BK</subfield>
  </datafield>
  <datafield tag="952" ind1=" " ind2=" ">
    <subfield code="0">0</subfield>
    <subfield code="1">0</subfield>
    <subfield code="2">ddc</subfield>
    <subfield code="4">0</subfield>
    <subfield code="7">0</subfield>
    <subfield code="a">MCE</subfield>
    <subfield code="b">MCE</subfield>
    <subfield code="d">2014-02-06</subfield>
    <subfield code="l">5</subfield>
    <subfield code="o">621.4021  CEN</subfield>
    <subfield code="p">MCE-48744</subfield>
    <subfield code="r">2019-06-28</subfield>
    <subfield code="s">2019-03-19</subfield>
    <subfield code="w">2021-03-14</subfield>
    <subfield code="y">BK</subfield>
  </datafield>
  <datafield tag="952" ind1=" " ind2=" ">
    <subfield code="0">0</subfield>
    <subfield code="1">0</subfield>
    <subfield code="2">ddc</subfield>
    <subfield code="4">0</subfield>
    <subfield code="7">0</subfield>
    <subfield code="a">MCE</subfield>
    <subfield code="b">MCE</subfield>
    <subfield code="d">2014-02-06</subfield>
    <subfield code="l">5</subfield>
    <subfield code="o">621.4021  CEN</subfield>
    <subfield code="p">MCE-48746</subfield>
    <subfield code="r">2019-06-26</subfield>
    <subfield code="s">2019-02-22</subfield>
    <subfield code="w">2021-03-14</subfield>
    <subfield code="y">BK</subfield>
  </datafield>
  <datafield tag="952" ind1=" " ind2=" ">
    <subfield code="0">0</subfield>
    <subfield code="1">0</subfield>
    <subfield code="2">ddc</subfield>
    <subfield code="4">0</subfield>
    <subfield code="7">0</subfield>
    <subfield code="a">MCE</subfield>
    <subfield code="b">MCE</subfield>
    <subfield code="d">2014-02-06</subfield>
    <subfield code="l">6</subfield>
    <subfield code="o">621.4021  CEN</subfield>
    <subfield code="p">MCE-48747</subfield>
    <subfield code="r">2020-07-06</subfield>
    <subfield code="s">2020-02-28</subfield>
    <subfield code="w">2021-03-14</subfield>
    <subfield code="y">BK</subfield>
  </datafield>
  <datafield tag="952" ind1=" " ind2=" ">
    <subfield code="0">0</subfield>
    <subfield code="1">0</subfield>
    <subfield code="2">ddc</subfield>
    <subfield code="4">0</subfield>
    <subfield code="7">0</subfield>
    <subfield code="a">MCE</subfield>
    <subfield code="b">MCE</subfield>
    <subfield code="d">2014-02-06</subfield>
    <subfield code="l">5</subfield>
    <subfield code="o">621.4021  CEN</subfield>
    <subfield code="p">MCE-48748</subfield>
    <subfield code="r">2019-06-25</subfield>
    <subfield code="s">2019-03-06</subfield>
    <subfield code="w">2021-03-14</subfield>
    <subfield code="y">BK</subfield>
  </datafield>
  <datafield tag="952" ind1=" " ind2=" ">
    <subfield code="0">0</subfield>
    <subfield code="1">0</subfield>
    <subfield code="2">ddc</subfield>
    <subfield code="4">0</subfield>
    <subfield code="7">0</subfield>
    <subfield code="a">MCE</subfield>
    <subfield code="b">MCE</subfield>
    <subfield code="d">2014-02-06</subfield>
    <subfield code="l">5</subfield>
    <subfield code="o">621.4021  CEN</subfield>
    <subfield code="p">MCE-48749</subfield>
    <subfield code="r">2019-06-27</subfield>
    <subfield code="s">2019-02-20</subfield>
    <subfield code="w">2021-03-14</subfield>
    <subfield code="y">BK</subfield>
  </datafield>
  <datafield tag="952" ind1=" " ind2=" ">
    <subfield code="0">0</subfield>
    <subfield code="1">0</subfield>
    <subfield code="2">ddc</subfield>
    <subfield code="4">0</subfield>
    <subfield code="7">0</subfield>
    <subfield code="a">MCE</subfield>
    <subfield code="b">MCE</subfield>
    <subfield code="d">2014-02-06</subfield>
    <subfield code="l">5</subfield>
    <subfield code="o">621.4021  CEN</subfield>
    <subfield code="p">MCE-48750</subfield>
    <subfield code="r">2019-06-25</subfield>
    <subfield code="s">2019-02-25</subfield>
    <subfield code="w">2021-03-14</subfield>
    <subfield code="y">BK</subfield>
  </datafield>
  <datafield tag="952" ind1=" " ind2=" ">
    <subfield code="0">0</subfield>
    <subfield code="1">0</subfield>
    <subfield code="2">ddc</subfield>
    <subfield code="4">0</subfield>
    <subfield code="7">0</subfield>
    <subfield code="a">MCE</subfield>
    <subfield code="b">MCE</subfield>
    <subfield code="d">2014-02-06</subfield>
    <subfield code="l">4</subfield>
    <subfield code="o">621.4021  CEN</subfield>
    <subfield code="p">MCE-48751</subfield>
    <subfield code="r">2019-06-27</subfield>
    <subfield code="s">2019-02-20</subfield>
    <subfield code="w">2021-03-14</subfield>
    <subfield code="y">BK</subfield>
  </datafield>
  <datafield tag="952" ind1=" " ind2=" ">
    <subfield code="0">0</subfield>
    <subfield code="1">0</subfield>
    <subfield code="2">ddc</subfield>
    <subfield code="4">0</subfield>
    <subfield code="7">0</subfield>
    <subfield code="a">MCE</subfield>
    <subfield code="b">MCE</subfield>
    <subfield code="d">2014-02-06</subfield>
    <subfield code="l">5</subfield>
    <subfield code="o">621.4021  CEN</subfield>
    <subfield code="p">MCE-48752</subfield>
    <subfield code="r">2019-06-25</subfield>
    <subfield code="s">2019-02-22</subfield>
    <subfield code="w">2021-03-14</subfield>
    <subfield code="y">BK</subfield>
  </datafield>
  <datafield tag="952" ind1=" " ind2=" ">
    <subfield code="0">0</subfield>
    <subfield code="1">0</subfield>
    <subfield code="2">ddc</subfield>
    <subfield code="4">0</subfield>
    <subfield code="7">0</subfield>
    <subfield code="a">MCE</subfield>
    <subfield code="b">MCE</subfield>
    <subfield code="d">2014-02-06</subfield>
    <subfield code="l">5</subfield>
    <subfield code="o">621.4021  CEN</subfield>
    <subfield code="p">MCE-48753</subfield>
    <subfield code="r">2019-06-25</subfield>
    <subfield code="s">2019-02-20</subfield>
    <subfield code="w">2021-03-14</subfield>
    <subfield code="y">BK</subfield>
  </datafield>
  <datafield tag="952" ind1=" " ind2=" ">
    <subfield code="0">0</subfield>
    <subfield code="1">0</subfield>
    <subfield code="2">ddc</subfield>
    <subfield code="4">0</subfield>
    <subfield code="7">0</subfield>
    <subfield code="a">MCE</subfield>
    <subfield code="b">MCE</subfield>
    <subfield code="d">2014-02-06</subfield>
    <subfield code="l">5</subfield>
    <subfield code="o">621.4021  CEN</subfield>
    <subfield code="p">MCE-48754</subfield>
    <subfield code="r">2019-06-27</subfield>
    <subfield code="s">2019-03-06</subfield>
    <subfield code="w">2021-03-14</subfield>
    <subfield code="y">BK</subfield>
  </datafield>
  <datafield tag="952" ind1=" " ind2=" ">
    <subfield code="0">0</subfield>
    <subfield code="1">0</subfield>
    <subfield code="2">ddc</subfield>
    <subfield code="4">0</subfield>
    <subfield code="7">0</subfield>
    <subfield code="a">MCE</subfield>
    <subfield code="b">MCE</subfield>
    <subfield code="d">2014-02-06</subfield>
    <subfield code="l">5</subfield>
    <subfield code="o">621.4021  CEN</subfield>
    <subfield code="p">MCE-48755</subfield>
    <subfield code="r">2019-06-25</subfield>
    <subfield code="s">2019-02-22</subfield>
    <subfield code="w">2021-03-14</subfield>
    <subfield code="y">BK</subfield>
  </datafield>
  <datafield tag="952" ind1=" " ind2=" ">
    <subfield code="0">0</subfield>
    <subfield code="1">0</subfield>
    <subfield code="2">ddc</subfield>
    <subfield code="4">0</subfield>
    <subfield code="7">0</subfield>
    <subfield code="a">MCE</subfield>
    <subfield code="b">MCE</subfield>
    <subfield code="d">2015-12-22</subfield>
    <subfield code="l">2</subfield>
    <subfield code="o">621.4021  CEN</subfield>
    <subfield code="p">MCE-45244</subfield>
    <subfield code="r">2018-04-18</subfield>
    <subfield code="s">2018-03-21</subfield>
    <subfield code="w">2015-12-22</subfield>
    <subfield code="y">BK</subfield>
  </datafield>
  <datafield tag="952" ind1=" " ind2=" ">
    <subfield code="0">0</subfield>
    <subfield code="1">0</subfield>
    <subfield code="2">ddc</subfield>
    <subfield code="4">0</subfield>
    <subfield code="7">0</subfield>
    <subfield code="a">MCE</subfield>
    <subfield code="b">MCE</subfield>
    <subfield code="d">2015-12-22</subfield>
    <subfield code="l">3</subfield>
    <subfield code="o">621.4021  CEN</subfield>
    <subfield code="p">MCE-45245</subfield>
    <subfield code="r">2019-06-26</subfield>
    <subfield code="s">2019-02-20</subfield>
    <subfield code="w">2015-12-22</subfield>
    <subfield code="y">BK</subfield>
  </datafield>
  <datafield tag="952" ind1=" " ind2=" ">
    <subfield code="0">0</subfield>
    <subfield code="1">0</subfield>
    <subfield code="2">ddc</subfield>
    <subfield code="4">0</subfield>
    <subfield code="7">0</subfield>
    <subfield code="a">MCE</subfield>
    <subfield code="b">MCE</subfield>
    <subfield code="d">2015-12-22</subfield>
    <subfield code="l">2</subfield>
    <subfield code="o">621.4021  CEN</subfield>
    <subfield code="p">MCE-45246</subfield>
    <subfield code="r">2018-07-12</subfield>
    <subfield code="s">2018-03-21</subfield>
    <subfield code="w">2015-12-22</subfield>
    <subfield code="y">BK</subfield>
  </datafield>
  <datafield tag="952" ind1=" " ind2=" ">
    <subfield code="0">0</subfield>
    <subfield code="1">0</subfield>
    <subfield code="2">ddc</subfield>
    <subfield code="4">0</subfield>
    <subfield code="7">0</subfield>
    <subfield code="a">MCE</subfield>
    <subfield code="b">MCE</subfield>
    <subfield code="d">2015-12-22</subfield>
    <subfield code="l">4</subfield>
    <subfield code="o">621.4021  CEN</subfield>
    <subfield code="p">MCE-45247</subfield>
    <subfield code="r">2019-06-27</subfield>
    <subfield code="s">2019-03-06</subfield>
    <subfield code="w">2015-12-22</subfield>
    <subfield code="y">BK</subfield>
  </datafield>
  <datafield tag="952" ind1=" " ind2=" ">
    <subfield code="0">0</subfield>
    <subfield code="1">0</subfield>
    <subfield code="2">ddc</subfield>
    <subfield code="4">0</subfield>
    <subfield code="7">0</subfield>
    <subfield code="a">MCE</subfield>
    <subfield code="b">MCE</subfield>
    <subfield code="d">2015-12-22</subfield>
    <subfield code="l">3</subfield>
    <subfield code="o">621.4021  CEN</subfield>
    <subfield code="p">MCE-45248</subfield>
    <subfield code="r">2019-06-25</subfield>
    <subfield code="s">2019-02-28</subfield>
    <subfield code="w">2015-12-22</subfield>
    <subfield code="y">BK</subfield>
  </datafield>
  <datafield tag="952" ind1=" " ind2=" ">
    <subfield code="0">0</subfield>
    <subfield code="1">0</subfield>
    <subfield code="2">ddc</subfield>
    <subfield code="4">0</subfield>
    <subfield code="7">0</subfield>
    <subfield code="a">MCE</subfield>
    <subfield code="b">MCE</subfield>
    <subfield code="d">2015-12-22</subfield>
    <subfield code="l">3</subfield>
    <subfield code="o">621.4021  CEN</subfield>
    <subfield code="p">MCE-45249</subfield>
    <subfield code="r">2019-06-25</subfield>
    <subfield code="s">2019-03-06</subfield>
    <subfield code="w">2015-12-22</subfield>
    <subfield code="y">BK</subfield>
  </datafield>
  <datafield tag="952" ind1=" " ind2=" ">
    <subfield code="0">0</subfield>
    <subfield code="1">0</subfield>
    <subfield code="2">ddc</subfield>
    <subfield code="4">0</subfield>
    <subfield code="7">0</subfield>
    <subfield code="a">MCE</subfield>
    <subfield code="b">MCE</subfield>
    <subfield code="d">2015-12-22</subfield>
    <subfield code="l">3</subfield>
    <subfield code="o">621.4021  CEN</subfield>
    <subfield code="p">MCE-45250</subfield>
    <subfield code="r">2019-06-26</subfield>
    <subfield code="s">2019-03-06</subfield>
    <subfield code="w">2015-12-22</subfield>
    <subfield code="y">BK</subfield>
  </datafield>
  <datafield tag="952" ind1=" " ind2=" ">
    <subfield code="0">0</subfield>
    <subfield code="1">0</subfield>
    <subfield code="2">ddc</subfield>
    <subfield code="4">0</subfield>
    <subfield code="7">0</subfield>
    <subfield code="a">MCE</subfield>
    <subfield code="b">MCE</subfield>
    <subfield code="d">2015-12-22</subfield>
    <subfield code="l">2</subfield>
    <subfield code="o">621.4021  CEN</subfield>
    <subfield code="p">MCE-45251</subfield>
    <subfield code="r">2018-07-12</subfield>
    <subfield code="s">2018-04-02</subfield>
    <subfield code="w">2015-12-22</subfield>
    <subfield code="y">BK</subfield>
  </datafield>
  <datafield tag="952" ind1=" " ind2=" ">
    <subfield code="0">0</subfield>
    <subfield code="1">0</subfield>
    <subfield code="2">ddc</subfield>
    <subfield code="4">0</subfield>
    <subfield code="7">0</subfield>
    <subfield code="a">MCE</subfield>
    <subfield code="b">MCE</subfield>
    <subfield code="d">2015-12-22</subfield>
    <subfield code="l">1</subfield>
    <subfield code="o">621.4021  CEN</subfield>
    <subfield code="p">MCE-45252</subfield>
    <subfield code="r">2016-06-08</subfield>
    <subfield code="s">2016-02-11</subfield>
    <subfield code="w">2015-12-22</subfield>
    <subfield code="y">BK</subfield>
  </datafield>
  <datafield tag="952" ind1=" " ind2=" ">
    <subfield code="0">0</subfield>
    <subfield code="1">0</subfield>
    <subfield code="2">ddc</subfield>
    <subfield code="4">0</subfield>
    <subfield code="7">0</subfield>
    <subfield code="a">MCE</subfield>
    <subfield code="b">MCE</subfield>
    <subfield code="d">2015-12-22</subfield>
    <subfield code="l">3</subfield>
    <subfield code="o">621.4021  CEN</subfield>
    <subfield code="p">MCE-45253</subfield>
    <subfield code="r">2019-06-25</subfield>
    <subfield code="s">2019-03-06</subfield>
    <subfield code="w">2015-12-22</subfield>
    <subfield code="y">BK</subfield>
  </datafield>
  <datafield tag="952" ind1=" " ind2=" ">
    <subfield code="0">0</subfield>
    <subfield code="1">0</subfield>
    <subfield code="2">ddc</subfield>
    <subfield code="4">0</subfield>
    <subfield code="7">0</subfield>
    <subfield code="a">MCE</subfield>
    <subfield code="b">MCE</subfield>
    <subfield code="d">2015-12-22</subfield>
    <subfield code="l">3</subfield>
    <subfield code="o">621.4021  CEN</subfield>
    <subfield code="p">MCE-45254</subfield>
    <subfield code="r">2019-06-25</subfield>
    <subfield code="s">2019-03-06</subfield>
    <subfield code="w">2015-12-22</subfield>
    <subfield code="y">BK</subfield>
  </datafield>
  <datafield tag="952" ind1=" " ind2=" ">
    <subfield code="0">0</subfield>
    <subfield code="1">0</subfield>
    <subfield code="2">ddc</subfield>
    <subfield code="4">0</subfield>
    <subfield code="7">0</subfield>
    <subfield code="a">MCE</subfield>
    <subfield code="b">MCE</subfield>
    <subfield code="d">2015-12-22</subfield>
    <subfield code="l">1</subfield>
    <subfield code="o">621.4021  CEN</subfield>
    <subfield code="p">MCE-45255</subfield>
    <subfield code="r">2016-06-09</subfield>
    <subfield code="s">2016-02-10</subfield>
    <subfield code="w">2015-12-22</subfield>
    <subfield code="y">BK</subfield>
  </datafield>
  <datafield tag="952" ind1=" " ind2=" ">
    <subfield code="0">0</subfield>
    <subfield code="1">0</subfield>
    <subfield code="2">ddc</subfield>
    <subfield code="4">0</subfield>
    <subfield code="7">0</subfield>
    <subfield code="a">MCE</subfield>
    <subfield code="b">MCE</subfield>
    <subfield code="d">2015-12-22</subfield>
    <subfield code="l">2</subfield>
    <subfield code="o">621.4021  CEN</subfield>
    <subfield code="p">MCE-45256</subfield>
    <subfield code="r">2018-07-12</subfield>
    <subfield code="s">2018-03-21</subfield>
    <subfield code="w">2015-12-22</subfield>
    <subfield code="y">BK</subfield>
  </datafield>
  <datafield tag="952" ind1=" " ind2=" ">
    <subfield code="0">0</subfield>
    <subfield code="1">0</subfield>
    <subfield code="2">ddc</subfield>
    <subfield code="4">0</subfield>
    <subfield code="7">0</subfield>
    <subfield code="a">MCE</subfield>
    <subfield code="b">MCE</subfield>
    <subfield code="d">2015-12-22</subfield>
    <subfield code="l">5</subfield>
    <subfield code="o">621.4021  CEN</subfield>
    <subfield code="p">MCE-45257</subfield>
    <subfield code="r">2020-07-06</subfield>
    <subfield code="s">2020-03-05</subfield>
    <subfield code="w">2015-12-22</subfield>
    <subfield code="y">BK</subfield>
  </datafield>
  <datafield tag="952" ind1=" " ind2=" ">
    <subfield code="0">0</subfield>
    <subfield code="1">0</subfield>
    <subfield code="2">ddc</subfield>
    <subfield code="4">0</subfield>
    <subfield code="7">0</subfield>
    <subfield code="a">MCE</subfield>
    <subfield code="b">MCE</subfield>
    <subfield code="d">2015-12-22</subfield>
    <subfield code="l">3</subfield>
    <subfield code="o">621.4021  CEN</subfield>
    <subfield code="p">MCE-45258</subfield>
    <subfield code="r">2018-07-13</subfield>
    <subfield code="s">2018-03-21</subfield>
    <subfield code="w">2015-12-22</subfield>
    <subfield code="y">BK</subfield>
  </datafield>
  <datafield tag="952" ind1=" " ind2=" ">
    <subfield code="0">0</subfield>
    <subfield code="1">0</subfield>
    <subfield code="2">ddc</subfield>
    <subfield code="4">0</subfield>
    <subfield code="7">0</subfield>
    <subfield code="a">MCE</subfield>
    <subfield code="b">MCE</subfield>
    <subfield code="d">2015-12-22</subfield>
    <subfield code="l">2</subfield>
    <subfield code="o">621.4021  CEN</subfield>
    <subfield code="p">MCE-45259</subfield>
    <subfield code="r">2018-05-16</subfield>
    <subfield code="s">2018-03-30</subfield>
    <subfield code="w">2015-12-22</subfield>
    <subfield code="y">BK</subfield>
  </datafield>
  <datafield tag="952" ind1=" " ind2=" ">
    <subfield code="0">0</subfield>
    <subfield code="1">0</subfield>
    <subfield code="2">ddc</subfield>
    <subfield code="4">0</subfield>
    <subfield code="7">0</subfield>
    <subfield code="a">MCE</subfield>
    <subfield code="b">MCE</subfield>
    <subfield code="d">2015-12-22</subfield>
    <subfield code="l">2</subfield>
    <subfield code="o">621.4021  CEN</subfield>
    <subfield code="p">MCE-45260</subfield>
    <subfield code="r">2018-07-13</subfield>
    <subfield code="s">2018-03-29</subfield>
    <subfield code="w">2015-12-22</subfield>
    <subfield code="y">BK</subfield>
  </datafield>
  <datafield tag="952" ind1=" " ind2=" ">
    <subfield code="0">0</subfield>
    <subfield code="1">0</subfield>
    <subfield code="2">ddc</subfield>
    <subfield code="4">0</subfield>
    <subfield code="7">0</subfield>
    <subfield code="a">MCE</subfield>
    <subfield code="b">MCE</subfield>
    <subfield code="d">2015-12-22</subfield>
    <subfield code="l">2</subfield>
    <subfield code="o">621.4021  CEN</subfield>
    <subfield code="p">MCE-45261</subfield>
    <subfield code="r">2018-07-12</subfield>
    <subfield code="s">2018-03-22</subfield>
    <subfield code="w">2015-12-22</subfield>
    <subfield code="y">BK</subfield>
  </datafield>
  <datafield tag="952" ind1=" " ind2=" ">
    <subfield code="0">0</subfield>
    <subfield code="1">0</subfield>
    <subfield code="2">ddc</subfield>
    <subfield code="4">0</subfield>
    <subfield code="7">0</subfield>
    <subfield code="a">MCE</subfield>
    <subfield code="b">MCE</subfield>
    <subfield code="d">2015-12-22</subfield>
    <subfield code="l">2</subfield>
    <subfield code="o">621.4021  CEN</subfield>
    <subfield code="p">MCE-45262</subfield>
    <subfield code="r">2018-07-10</subfield>
    <subfield code="s">2018-03-30</subfield>
    <subfield code="w">2015-12-22</subfield>
    <subfield code="y">BK</subfield>
  </datafield>
  <datafield tag="952" ind1=" " ind2=" ">
    <subfield code="0">0</subfield>
    <subfield code="1">0</subfield>
    <subfield code="2">ddc</subfield>
    <subfield code="4">0</subfield>
    <subfield code="7">0</subfield>
    <subfield code="a">MCE</subfield>
    <subfield code="b">MCE</subfield>
    <subfield code="d">2015-12-22</subfield>
    <subfield code="l">5</subfield>
    <subfield code="o">621.4021  CEN</subfield>
    <subfield code="p">MCE-45263</subfield>
    <subfield code="r">2019-06-25</subfield>
    <subfield code="s">2019-03-06</subfield>
    <subfield code="w">2015-12-22</subfield>
    <subfield code="y">BK</subfield>
  </datafield>
  <datafield tag="952" ind1=" " ind2=" ">
    <subfield code="0">0</subfield>
    <subfield code="1">0</subfield>
    <subfield code="2">ddc</subfield>
    <subfield code="4">0</subfield>
    <subfield code="7">0</subfield>
    <subfield code="a">MCE</subfield>
    <subfield code="b">MCE</subfield>
    <subfield code="d">2015-12-22</subfield>
    <subfield code="l">3</subfield>
    <subfield code="o">621.4021  CEN</subfield>
    <subfield code="p">MCE-45264</subfield>
    <subfield code="r">2019-06-27</subfield>
    <subfield code="s">2019-02-19</subfield>
    <subfield code="w">2015-12-22</subfield>
    <subfield code="y">BK</subfield>
  </datafield>
  <datafield tag="952" ind1=" " ind2=" ">
    <subfield code="0">0</subfield>
    <subfield code="1">0</subfield>
    <subfield code="2">ddc</subfield>
    <subfield code="4">0</subfield>
    <subfield code="7">0</subfield>
    <subfield code="a">MCE</subfield>
    <subfield code="b">MCE</subfield>
    <subfield code="d">2015-12-22</subfield>
    <subfield code="l">0</subfield>
    <subfield code="o">621.4021  CEN</subfield>
    <subfield code="p">MCE-45265</subfield>
    <subfield code="r">2015-12-22</subfield>
    <subfield code="w">2015-12-22</subfield>
    <subfield code="y">BK</subfield>
  </datafield>
  <datafield tag="952" ind1=" " ind2=" ">
    <subfield code="0">0</subfield>
    <subfield code="1">0</subfield>
    <subfield code="2">ddc</subfield>
    <subfield code="4">0</subfield>
    <subfield code="7">0</subfield>
    <subfield code="a">MCE</subfield>
    <subfield code="b">MCE</subfield>
    <subfield code="d">2015-12-22</subfield>
    <subfield code="l">2</subfield>
    <subfield code="o">621.4021  CEN</subfield>
    <subfield code="p">MCE-45266</subfield>
    <subfield code="r">2018-04-13</subfield>
    <subfield code="s">2018-03-21</subfield>
    <subfield code="w">2015-12-22</subfield>
    <subfield code="y">BK</subfield>
  </datafield>
  <datafield tag="952" ind1=" " ind2=" ">
    <subfield code="0">0</subfield>
    <subfield code="1">0</subfield>
    <subfield code="2">ddc</subfield>
    <subfield code="4">0</subfield>
    <subfield code="7">0</subfield>
    <subfield code="a">MCE</subfield>
    <subfield code="b">MCE</subfield>
    <subfield code="d">2015-12-22</subfield>
    <subfield code="l">3</subfield>
    <subfield code="o">621.4021  CEN</subfield>
    <subfield code="p">MCE-45267</subfield>
    <subfield code="r">2019-06-26</subfield>
    <subfield code="s">2019-02-20</subfield>
    <subfield code="w">2015-12-22</subfield>
    <subfield code="y">BK</subfield>
  </datafield>
  <datafield tag="952" ind1=" " ind2=" ">
    <subfield code="0">0</subfield>
    <subfield code="1">0</subfield>
    <subfield code="2">ddc</subfield>
    <subfield code="4">0</subfield>
    <subfield code="7">0</subfield>
    <subfield code="a">MCE</subfield>
    <subfield code="b">MCE</subfield>
    <subfield code="d">2015-12-22</subfield>
    <subfield code="l">2</subfield>
    <subfield code="o">621.4021  CEN</subfield>
    <subfield code="p">MCE-45268</subfield>
    <subfield code="r">2018-07-12</subfield>
    <subfield code="s">2018-03-21</subfield>
    <subfield code="w">2015-12-22</subfield>
    <subfield code="y">BK</subfield>
  </datafield>
  <datafield tag="952" ind1=" " ind2=" ">
    <subfield code="0">0</subfield>
    <subfield code="1">0</subfield>
    <subfield code="2">ddc</subfield>
    <subfield code="4">0</subfield>
    <subfield code="7">0</subfield>
    <subfield code="a">MCE</subfield>
    <subfield code="b">MCE</subfield>
    <subfield code="d">2015-12-22</subfield>
    <subfield code="l">2</subfield>
    <subfield code="o">621.4021  CEN</subfield>
    <subfield code="p">MCE-45269</subfield>
    <subfield code="r">2018-07-09</subfield>
    <subfield code="s">2018-03-21</subfield>
    <subfield code="w">2015-12-22</subfield>
    <subfield code="y">BK</subfield>
  </datafield>
  <datafield tag="952" ind1=" " ind2=" ">
    <subfield code="0">0</subfield>
    <subfield code="1">0</subfield>
    <subfield code="2">ddc</subfield>
    <subfield code="4">0</subfield>
    <subfield code="7">0</subfield>
    <subfield code="a">NQC</subfield>
    <subfield code="b">NQC</subfield>
    <subfield code="d">2015-12-22</subfield>
    <subfield code="l">5</subfield>
    <subfield code="o">621.4021  CEN</subfield>
    <subfield code="p">MCE-45270</subfield>
    <subfield code="r">2019-06-26</subfield>
    <subfield code="s">2019-02-22</subfield>
    <subfield code="w">2015-12-22</subfield>
    <subfield code="y">BK</subfield>
  </datafield>
  <datafield tag="952" ind1=" " ind2=" ">
    <subfield code="0">0</subfield>
    <subfield code="1">0</subfield>
    <subfield code="2">ddc</subfield>
    <subfield code="4">0</subfield>
    <subfield code="7">0</subfield>
    <subfield code="a">NQC</subfield>
    <subfield code="b">NQC</subfield>
    <subfield code="d">2015-12-22</subfield>
    <subfield code="l">2</subfield>
    <subfield code="o">621.4021  CEN</subfield>
    <subfield code="p">MCE-45271</subfield>
    <subfield code="r">2018-04-02</subfield>
    <subfield code="s">2018-03-21</subfield>
    <subfield code="w">2015-12-22</subfield>
    <subfield code="y">BK</subfield>
  </datafield>
  <datafield tag="952" ind1=" " ind2=" ">
    <subfield code="0">0</subfield>
    <subfield code="1">0</subfield>
    <subfield code="2">ddc</subfield>
    <subfield code="4">0</subfield>
    <subfield code="7">0</subfield>
    <subfield code="a">NQC</subfield>
    <subfield code="b">NQC</subfield>
    <subfield code="d">2015-12-22</subfield>
    <subfield code="l">3</subfield>
    <subfield code="o">621.4021  CEN</subfield>
    <subfield code="p">MCE-45272</subfield>
    <subfield code="r">2018-06-09</subfield>
    <subfield code="s">2018-03-21</subfield>
    <subfield code="w">2015-12-22</subfield>
    <subfield code="y">BK</subfield>
  </datafield>
  <datafield tag="952" ind1=" " ind2=" ">
    <subfield code="0">0</subfield>
    <subfield code="1">0</subfield>
    <subfield code="2">ddc</subfield>
    <subfield code="4">0</subfield>
    <subfield code="7">0</subfield>
    <subfield code="a">NQC</subfield>
    <subfield code="b">NQC</subfield>
    <subfield code="d">2015-12-22</subfield>
    <subfield code="l">2</subfield>
    <subfield code="o">621.4021  CEN</subfield>
    <subfield code="p">MCE-45273</subfield>
    <subfield code="r">2018-07-10</subfield>
    <subfield code="s">2018-03-22</subfield>
    <subfield code="w">2015-12-22</subfield>
    <subfield code="y">BK</subfield>
  </datafield>
  <datafield tag="952" ind1=" " ind2=" ">
    <subfield code="0">0</subfield>
    <subfield code="1">0</subfield>
    <subfield code="2">ddc</subfield>
    <subfield code="4">0</subfield>
    <subfield code="7">0</subfield>
    <subfield code="a">NQC</subfield>
    <subfield code="b">NQC</subfield>
    <subfield code="d">2015-12-22</subfield>
    <subfield code="l">3</subfield>
    <subfield code="o">621.4021  CEN</subfield>
    <subfield code="p">MCE-45274</subfield>
    <subfield code="r">2019-06-25</subfield>
    <subfield code="s">2019-02-22</subfield>
    <subfield code="w">2015-12-22</subfield>
    <subfield code="y">BK</subfield>
  </datafield>
  <datafield tag="952" ind1=" " ind2=" ">
    <subfield code="0">0</subfield>
    <subfield code="1">0</subfield>
    <subfield code="2">ddc</subfield>
    <subfield code="4">0</subfield>
    <subfield code="7">0</subfield>
    <subfield code="a">NQC</subfield>
    <subfield code="b">NQC</subfield>
    <subfield code="d">2015-12-22</subfield>
    <subfield code="l">3</subfield>
    <subfield code="o">621.4021  CEN</subfield>
    <subfield code="p">MCE-45276</subfield>
    <subfield code="r">2019-06-25</subfield>
    <subfield code="s">2019-02-20</subfield>
    <subfield code="w">2015-12-22</subfield>
    <subfield code="y">BK</subfield>
  </datafield>
  <datafield tag="952" ind1=" " ind2=" ">
    <subfield code="0">0</subfield>
    <subfield code="1">0</subfield>
    <subfield code="2">ddc</subfield>
    <subfield code="4">0</subfield>
    <subfield code="7">0</subfield>
    <subfield code="a">NQC</subfield>
    <subfield code="b">NQC</subfield>
    <subfield code="d">2015-12-22</subfield>
    <subfield code="l">2</subfield>
    <subfield code="o">621.4021  CEN</subfield>
    <subfield code="p">MCE-45277</subfield>
    <subfield code="r">2018-07-12</subfield>
    <subfield code="s">2018-03-21</subfield>
    <subfield code="w">2015-12-22</subfield>
    <subfield code="y">BK</subfield>
  </datafield>
  <datafield tag="952" ind1=" " ind2=" ">
    <subfield code="0">0</subfield>
    <subfield code="1">0</subfield>
    <subfield code="2">ddc</subfield>
    <subfield code="4">0</subfield>
    <subfield code="7">0</subfield>
    <subfield code="a">NQC</subfield>
    <subfield code="b">NQC</subfield>
    <subfield code="d">2015-12-22</subfield>
    <subfield code="l">2</subfield>
    <subfield code="o">621.4021  CEN</subfield>
    <subfield code="p">MCE-45278</subfield>
    <subfield code="r">2018-07-10</subfield>
    <subfield code="s">2018-03-21</subfield>
    <subfield code="w">2015-12-22</subfield>
    <subfield code="y">BK</subfield>
  </datafield>
  <datafield tag="952" ind1=" " ind2=" ">
    <subfield code="0">0</subfield>
    <subfield code="1">0</subfield>
    <subfield code="2">ddc</subfield>
    <subfield code="4">0</subfield>
    <subfield code="7">0</subfield>
    <subfield code="a">NQC</subfield>
    <subfield code="b">NQC</subfield>
    <subfield code="d">2015-12-22</subfield>
    <subfield code="l">2</subfield>
    <subfield code="o">621.4021  CEN</subfield>
    <subfield code="p">MCE-45279</subfield>
    <subfield code="r">2018-04-10</subfield>
    <subfield code="s">2018-03-21</subfield>
    <subfield code="w">2015-12-22</subfield>
    <subfield code="y">BK</subfield>
  </datafield>
  <datafield tag="952" ind1=" " ind2=" ">
    <subfield code="0">0</subfield>
    <subfield code="1">0</subfield>
    <subfield code="2">ddc</subfield>
    <subfield code="4">0</subfield>
    <subfield code="7">0</subfield>
    <subfield code="a">NQC</subfield>
    <subfield code="b">NQC</subfield>
    <subfield code="d">2015-12-22</subfield>
    <subfield code="l">2</subfield>
    <subfield code="o">621.4021  CEN</subfield>
    <subfield code="p">MCE-45280</subfield>
    <subfield code="r">2018-07-13</subfield>
    <subfield code="s">2018-03-28</subfield>
    <subfield code="w">2015-12-22</subfield>
    <subfield code="y">BK</subfield>
  </datafield>
  <datafield tag="952" ind1=" " ind2=" ">
    <subfield code="0">0</subfield>
    <subfield code="1">0</subfield>
    <subfield code="2">ddc</subfield>
    <subfield code="4">0</subfield>
    <subfield code="7">0</subfield>
    <subfield code="a">MCE</subfield>
    <subfield code="b">MCE</subfield>
    <subfield code="d">2015-12-22</subfield>
    <subfield code="l">3</subfield>
    <subfield code="o">621.4021  CEN</subfield>
    <subfield code="p">MCE-45281</subfield>
    <subfield code="r">2019-06-25</subfield>
    <subfield code="s">2019-03-06</subfield>
    <subfield code="w">2015-12-22</subfield>
    <subfield code="y">BK</subfield>
  </datafield>
  <datafield tag="952" ind1=" " ind2=" ">
    <subfield code="0">0</subfield>
    <subfield code="1">0</subfield>
    <subfield code="2">ddc</subfield>
    <subfield code="4">0</subfield>
    <subfield code="7">0</subfield>
    <subfield code="a">MCE</subfield>
    <subfield code="b">MCE</subfield>
    <subfield code="d">2015-12-22</subfield>
    <subfield code="l">4</subfield>
    <subfield code="o">621.4021  CEN</subfield>
    <subfield code="p">MCE-45282</subfield>
    <subfield code="r">2019-06-27</subfield>
    <subfield code="s">2019-02-19</subfield>
    <subfield code="w">2015-12-22</subfield>
    <subfield code="y">BK</subfield>
  </datafield>
  <datafield tag="952" ind1=" " ind2=" ">
    <subfield code="0">0</subfield>
    <subfield code="1">0</subfield>
    <subfield code="2">ddc</subfield>
    <subfield code="4">0</subfield>
    <subfield code="7">0</subfield>
    <subfield code="a">MCE</subfield>
    <subfield code="b">MCE</subfield>
    <subfield code="d">2015-12-22</subfield>
    <subfield code="l">3</subfield>
    <subfield code="o">621.4021  CEN</subfield>
    <subfield code="p">MCE-45283</subfield>
    <subfield code="r">2019-06-25</subfield>
    <subfield code="s">2019-03-06</subfield>
    <subfield code="w">2015-12-22</subfield>
    <subfield code="y">BK</subfield>
  </datafield>
  <datafield tag="952" ind1=" " ind2=" ">
    <subfield code="0">0</subfield>
    <subfield code="1">0</subfield>
    <subfield code="2">ddc</subfield>
    <subfield code="4">0</subfield>
    <subfield code="7">0</subfield>
    <subfield code="a">MCE</subfield>
    <subfield code="b">MCE</subfield>
    <subfield code="d">2015-12-22</subfield>
    <subfield code="l">4</subfield>
    <subfield code="o">621.4021  CEN</subfield>
    <subfield code="p">MCE-47851</subfield>
    <subfield code="r">2019-06-27</subfield>
    <subfield code="s">2019-02-19</subfield>
    <subfield code="w">2015-12-22</subfield>
    <subfield code="y">BK</subfield>
  </datafield>
  <datafield tag="952" ind1=" " ind2=" ">
    <subfield code="0">0</subfield>
    <subfield code="1">0</subfield>
    <subfield code="2">ddc</subfield>
    <subfield code="4">0</subfield>
    <subfield code="7">0</subfield>
    <subfield code="a">MCE</subfield>
    <subfield code="b">MCE</subfield>
    <subfield code="d">2015-12-22</subfield>
    <subfield code="l">4</subfield>
    <subfield code="o">621.4021  CEN</subfield>
    <subfield code="p">MCE-47852</subfield>
    <subfield code="r">2019-06-26</subfield>
    <subfield code="s">2019-02-20</subfield>
    <subfield code="w">2015-12-22</subfield>
    <subfield code="y">BK</subfield>
  </datafield>
  <datafield tag="952" ind1=" " ind2=" ">
    <subfield code="0">0</subfield>
    <subfield code="1">0</subfield>
    <subfield code="2">ddc</subfield>
    <subfield code="4">0</subfield>
    <subfield code="7">0</subfield>
    <subfield code="a">MCE</subfield>
    <subfield code="b">MCE</subfield>
    <subfield code="d">2015-12-22</subfield>
    <subfield code="l">5</subfield>
    <subfield code="o">621.4021  CEN</subfield>
    <subfield code="p">MCE-47853</subfield>
    <subfield code="r">2020-07-06</subfield>
    <subfield code="s">2020-02-29</subfield>
    <subfield code="w">2015-12-22</subfield>
    <subfield code="y">BK</subfield>
  </datafield>
  <datafield tag="952" ind1=" " ind2=" ">
    <subfield code="0">0</subfield>
    <subfield code="1">0</subfield>
    <subfield code="2">ddc</subfield>
    <subfield code="4">0</subfield>
    <subfield code="7">0</subfield>
    <subfield code="a">MCE</subfield>
    <subfield code="b">MCE</subfield>
    <subfield code="d">2015-12-22</subfield>
    <subfield code="l">4</subfield>
    <subfield code="o">621.4021  CEN</subfield>
    <subfield code="p">MCE-47854</subfield>
    <subfield code="r">2019-06-26</subfield>
    <subfield code="s">2019-03-06</subfield>
    <subfield code="w">2015-12-22</subfield>
    <subfield code="y">BK</subfield>
  </datafield>
  <datafield tag="952" ind1=" " ind2=" ">
    <subfield code="0">0</subfield>
    <subfield code="1">0</subfield>
    <subfield code="2">ddc</subfield>
    <subfield code="4">0</subfield>
    <subfield code="7">0</subfield>
    <subfield code="a">MCE</subfield>
    <subfield code="b">MCE</subfield>
    <subfield code="d">2015-12-22</subfield>
    <subfield code="l">5</subfield>
    <subfield code="o">621.4021  CEN</subfield>
    <subfield code="p">MCE-47856</subfield>
    <subfield code="r">2020-11-02</subfield>
    <subfield code="s">2020-03-03</subfield>
    <subfield code="w">2015-12-22</subfield>
    <subfield code="y">BK</subfield>
  </datafield>
  <datafield tag="952" ind1=" " ind2=" ">
    <subfield code="0">0</subfield>
    <subfield code="1">0</subfield>
    <subfield code="2">ddc</subfield>
    <subfield code="4">0</subfield>
    <subfield code="7">0</subfield>
    <subfield code="a">MCE</subfield>
    <subfield code="b">MCE</subfield>
    <subfield code="d">2015-12-22</subfield>
    <subfield code="l">4</subfield>
    <subfield code="o">621.4021  CEN</subfield>
    <subfield code="p">MCE-47857</subfield>
    <subfield code="r">2019-06-25</subfield>
    <subfield code="s">2019-02-28</subfield>
    <subfield code="w">2015-12-22</subfield>
    <subfield code="y">BK</subfield>
  </datafield>
  <datafield tag="952" ind1=" " ind2=" ">
    <subfield code="0">0</subfield>
    <subfield code="1">0</subfield>
    <subfield code="2">ddc</subfield>
    <subfield code="4">0</subfield>
    <subfield code="7">0</subfield>
    <subfield code="a">MCE</subfield>
    <subfield code="b">MCE</subfield>
    <subfield code="d">2015-12-22</subfield>
    <subfield code="l">4</subfield>
    <subfield code="o">621.4021  CEN</subfield>
    <subfield code="p">MCE-47858</subfield>
    <subfield code="r">2019-06-28</subfield>
    <subfield code="s">2019-03-07</subfield>
    <subfield code="w">2015-12-22</subfield>
    <subfield code="y">BK</subfield>
  </datafield>
  <datafield tag="952" ind1=" " ind2=" ">
    <subfield code="0">0</subfield>
    <subfield code="1">0</subfield>
    <subfield code="2">ddc</subfield>
    <subfield code="4">0</subfield>
    <subfield code="7">0</subfield>
    <subfield code="a">MCE</subfield>
    <subfield code="b">MCE</subfield>
    <subfield code="d">2015-12-22</subfield>
    <subfield code="l">5</subfield>
    <subfield code="o">621.4021  CEN</subfield>
    <subfield code="p">MCE-47859</subfield>
    <subfield code="r">2020-07-06</subfield>
    <subfield code="s">2020-03-10</subfield>
    <subfield code="w">2015-12-22</subfield>
    <subfield code="y">BK</subfield>
  </datafield>
  <datafield tag="952" ind1=" " ind2=" ">
    <subfield code="0">0</subfield>
    <subfield code="1">0</subfield>
    <subfield code="2">ddc</subfield>
    <subfield code="4">0</subfield>
    <subfield code="7">0</subfield>
    <subfield code="a">MCE</subfield>
    <subfield code="b">MCE</subfield>
    <subfield code="d">2015-12-22</subfield>
    <subfield code="l">4</subfield>
    <subfield code="o">621.4021  CEN</subfield>
    <subfield code="p">MCE-47860</subfield>
    <subfield code="r">2019-06-25</subfield>
    <subfield code="s">2019-02-22</subfield>
    <subfield code="w">2015-12-22</subfield>
    <subfield code="y">BK</subfield>
  </datafield>
  <datafield tag="952" ind1=" " ind2=" ">
    <subfield code="0">0</subfield>
    <subfield code="1">0</subfield>
    <subfield code="2">ddc</subfield>
    <subfield code="4">0</subfield>
    <subfield code="7">0</subfield>
    <subfield code="a">MCE</subfield>
    <subfield code="b">MCE</subfield>
    <subfield code="d">2015-12-22</subfield>
    <subfield code="l">5</subfield>
    <subfield code="o">621.4021  CEN</subfield>
    <subfield code="p">MCE-47861</subfield>
    <subfield code="r">2020-07-07</subfield>
    <subfield code="s">2020-02-28</subfield>
    <subfield code="w">2015-12-22</subfield>
    <subfield code="y">BK</subfield>
  </datafield>
  <datafield tag="952" ind1=" " ind2=" ">
    <subfield code="0">0</subfield>
    <subfield code="1">0</subfield>
    <subfield code="2">ddc</subfield>
    <subfield code="4">0</subfield>
    <subfield code="7">0</subfield>
    <subfield code="a">MCE</subfield>
    <subfield code="b">MCE</subfield>
    <subfield code="d">2015-12-22</subfield>
    <subfield code="l">4</subfield>
    <subfield code="o">621.4021  CEN</subfield>
    <subfield code="p">MCE-47862</subfield>
    <subfield code="r">2019-06-26</subfield>
    <subfield code="s">2019-02-25</subfield>
    <subfield code="w">2015-12-22</subfield>
    <subfield code="y">BK</subfield>
  </datafield>
  <datafield tag="952" ind1=" " ind2=" ">
    <subfield code="0">0</subfield>
    <subfield code="1">0</subfield>
    <subfield code="2">ddc</subfield>
    <subfield code="4">0</subfield>
    <subfield code="7">0</subfield>
    <subfield code="a">MCE</subfield>
    <subfield code="b">MCE</subfield>
    <subfield code="d">2015-12-22</subfield>
    <subfield code="l">4</subfield>
    <subfield code="o">621.4021  CEN</subfield>
    <subfield code="p">MCE-47864</subfield>
    <subfield code="r">2019-06-27</subfield>
    <subfield code="s">2019-02-19</subfield>
    <subfield code="w">2015-12-22</subfield>
    <subfield code="y">BK</subfield>
  </datafield>
  <datafield tag="952" ind1=" " ind2=" ">
    <subfield code="0">0</subfield>
    <subfield code="1">0</subfield>
    <subfield code="2">ddc</subfield>
    <subfield code="4">0</subfield>
    <subfield code="7">0</subfield>
    <subfield code="a">MCE</subfield>
    <subfield code="b">MCE</subfield>
    <subfield code="d">2015-12-22</subfield>
    <subfield code="l">4</subfield>
    <subfield code="o">621.4021  CEN</subfield>
    <subfield code="p">MCE-47865</subfield>
    <subfield code="r">2019-06-27</subfield>
    <subfield code="s">2019-02-20</subfield>
    <subfield code="w">2015-12-22</subfield>
    <subfield code="y">BK</subfield>
  </datafield>
  <datafield tag="952" ind1=" " ind2=" ">
    <subfield code="0">0</subfield>
    <subfield code="1">0</subfield>
    <subfield code="2">ddc</subfield>
    <subfield code="4">0</subfield>
    <subfield code="7">0</subfield>
    <subfield code="a">MCE</subfield>
    <subfield code="b">MCE</subfield>
    <subfield code="d">2015-12-22</subfield>
    <subfield code="l">4</subfield>
    <subfield code="o">621.4021  CEN</subfield>
    <subfield code="p">MCE-47866</subfield>
    <subfield code="r">2019-06-24</subfield>
    <subfield code="s">2019-03-06</subfield>
    <subfield code="w">2015-12-22</subfield>
    <subfield code="y">BK</subfield>
  </datafield>
  <datafield tag="952" ind1=" " ind2=" ">
    <subfield code="0">0</subfield>
    <subfield code="1">0</subfield>
    <subfield code="2">ddc</subfield>
    <subfield code="4">0</subfield>
    <subfield code="7">0</subfield>
    <subfield code="a">MCE</subfield>
    <subfield code="b">MCE</subfield>
    <subfield code="d">2015-12-22</subfield>
    <subfield code="l">4</subfield>
    <subfield code="o">621.4021  CEN</subfield>
    <subfield code="p">MCE-47867</subfield>
    <subfield code="r">2019-06-27</subfield>
    <subfield code="s">2019-02-19</subfield>
    <subfield code="w">2015-12-22</subfield>
    <subfield code="y">BK</subfield>
  </datafield>
  <datafield tag="952" ind1=" " ind2=" ">
    <subfield code="0">0</subfield>
    <subfield code="1">0</subfield>
    <subfield code="2">ddc</subfield>
    <subfield code="4">0</subfield>
    <subfield code="7">0</subfield>
    <subfield code="a">MCE</subfield>
    <subfield code="b">MCE</subfield>
    <subfield code="d">2015-12-22</subfield>
    <subfield code="l">4</subfield>
    <subfield code="o">621.4021  CEN</subfield>
    <subfield code="p">MCE-47868</subfield>
    <subfield code="r">2019-06-27</subfield>
    <subfield code="s">2019-02-20</subfield>
    <subfield code="w">2015-12-22</subfield>
    <subfield code="y">BK</subfield>
  </datafield>
  <datafield tag="952" ind1=" " ind2=" ">
    <subfield code="0">0</subfield>
    <subfield code="1">0</subfield>
    <subfield code="2">ddc</subfield>
    <subfield code="4">0</subfield>
    <subfield code="7">0</subfield>
    <subfield code="a">MCE</subfield>
    <subfield code="b">MCE</subfield>
    <subfield code="d">2015-12-22</subfield>
    <subfield code="l">4</subfield>
    <subfield code="o">621.4021  CEN</subfield>
    <subfield code="p">MCE-47869</subfield>
    <subfield code="r">2019-06-25</subfield>
    <subfield code="s">2019-02-25</subfield>
    <subfield code="w">2015-12-22</subfield>
    <subfield code="y">BK</subfield>
  </datafield>
  <datafield tag="952" ind1=" " ind2=" ">
    <subfield code="0">0</subfield>
    <subfield code="1">0</subfield>
    <subfield code="2">ddc</subfield>
    <subfield code="4">0</subfield>
    <subfield code="7">0</subfield>
    <subfield code="a">MCE</subfield>
    <subfield code="b">MCE</subfield>
    <subfield code="d">2015-12-22</subfield>
    <subfield code="l">4</subfield>
    <subfield code="o">621.4021  CEN</subfield>
    <subfield code="p">MCE-47870</subfield>
    <subfield code="r">2019-06-26</subfield>
    <subfield code="s">2019-02-20</subfield>
    <subfield code="w">2015-12-22</subfield>
    <subfield code="y">BK</subfield>
  </datafield>
  <datafield tag="952" ind1=" " ind2=" ">
    <subfield code="0">0</subfield>
    <subfield code="1">0</subfield>
    <subfield code="2">ddc</subfield>
    <subfield code="4">0</subfield>
    <subfield code="7">0</subfield>
    <subfield code="a">MCE</subfield>
    <subfield code="b">MCE</subfield>
    <subfield code="d">2015-12-22</subfield>
    <subfield code="l">4</subfield>
    <subfield code="o">621.4021  CEN</subfield>
    <subfield code="p">MCE-47871</subfield>
    <subfield code="r">2019-06-27</subfield>
    <subfield code="s">2019-03-06</subfield>
    <subfield code="w">2015-12-22</subfield>
    <subfield code="y">BK</subfield>
  </datafield>
  <datafield tag="952" ind1=" " ind2=" ">
    <subfield code="0">0</subfield>
    <subfield code="1">0</subfield>
    <subfield code="2">ddc</subfield>
    <subfield code="4">0</subfield>
    <subfield code="7">0</subfield>
    <subfield code="a">MCE</subfield>
    <subfield code="b">MCE</subfield>
    <subfield code="d">2015-12-22</subfield>
    <subfield code="l">4</subfield>
    <subfield code="o">621.4021  CEN</subfield>
    <subfield code="p">MCE-47872</subfield>
    <subfield code="r">2019-06-25</subfield>
    <subfield code="s">2019-02-25</subfield>
    <subfield code="w">2015-12-22</subfield>
    <subfield code="y">BK</subfield>
  </datafield>
  <datafield tag="952" ind1=" " ind2=" ">
    <subfield code="0">0</subfield>
    <subfield code="1">0</subfield>
    <subfield code="2">ddc</subfield>
    <subfield code="4">0</subfield>
    <subfield code="7">0</subfield>
    <subfield code="a">MCE</subfield>
    <subfield code="b">MCE</subfield>
    <subfield code="d">2015-12-22</subfield>
    <subfield code="l">5</subfield>
    <subfield code="o">621.4021  CEN</subfield>
    <subfield code="p">MCE-47873</subfield>
    <subfield code="r">2020-07-08</subfield>
    <subfield code="s">2020-06-26</subfield>
    <subfield code="w">2015-12-22</subfield>
    <subfield code="y">BK</subfield>
  </datafield>
  <datafield tag="952" ind1=" " ind2=" ">
    <subfield code="0">0</subfield>
    <subfield code="1">0</subfield>
    <subfield code="2">ddc</subfield>
    <subfield code="4">0</subfield>
    <subfield code="7">0</subfield>
    <subfield code="a">MCE</subfield>
    <subfield code="b">MCE</subfield>
    <subfield code="d">2015-12-22</subfield>
    <subfield code="l">5</subfield>
    <subfield code="o">621.4021  CEN</subfield>
    <subfield code="p">MCE-47874</subfield>
    <subfield code="r">2020-07-06</subfield>
    <subfield code="s">2020-02-28</subfield>
    <subfield code="w">2015-12-22</subfield>
    <subfield code="y">BK</subfield>
  </datafield>
  <datafield tag="952" ind1=" " ind2=" ">
    <subfield code="0">0</subfield>
    <subfield code="1">0</subfield>
    <subfield code="2">ddc</subfield>
    <subfield code="4">0</subfield>
    <subfield code="7">0</subfield>
    <subfield code="a">MCE</subfield>
    <subfield code="b">MCE</subfield>
    <subfield code="d">2015-12-22</subfield>
    <subfield code="l">4</subfield>
    <subfield code="o">621.4021  CEN</subfield>
    <subfield code="p">MCE-47875</subfield>
    <subfield code="r">2019-06-21</subfield>
    <subfield code="s">2019-02-22</subfield>
    <subfield code="w">2015-12-22</subfield>
    <subfield code="y">BK</subfield>
  </datafield>
  <datafield tag="952" ind1=" " ind2=" ">
    <subfield code="0">0</subfield>
    <subfield code="1">0</subfield>
    <subfield code="2">ddc</subfield>
    <subfield code="4">0</subfield>
    <subfield code="7">0</subfield>
    <subfield code="a">MCE</subfield>
    <subfield code="b">MCE</subfield>
    <subfield code="d">2015-12-22</subfield>
    <subfield code="l">3</subfield>
    <subfield code="o">621.4021  CEN</subfield>
    <subfield code="p">MCE-47876</subfield>
    <subfield code="r">2019-06-24</subfield>
    <subfield code="s">2019-02-20</subfield>
    <subfield code="w">2015-12-22</subfield>
    <subfield code="y">BK</subfield>
  </datafield>
  <datafield tag="952" ind1=" " ind2=" ">
    <subfield code="0">0</subfield>
    <subfield code="1">0</subfield>
    <subfield code="2">ddc</subfield>
    <subfield code="4">0</subfield>
    <subfield code="7">0</subfield>
    <subfield code="a">MCE</subfield>
    <subfield code="b">MCE</subfield>
    <subfield code="d">2015-12-22</subfield>
    <subfield code="l">4</subfield>
    <subfield code="o">621.4021  CEN</subfield>
    <subfield code="p">MCE-47877</subfield>
    <subfield code="r">2019-06-27</subfield>
    <subfield code="s">2019-02-22</subfield>
    <subfield code="w">2015-12-22</subfield>
    <subfield code="y">BK</subfield>
  </datafield>
  <datafield tag="952" ind1=" " ind2=" ">
    <subfield code="0">0</subfield>
    <subfield code="1">0</subfield>
    <subfield code="2">ddc</subfield>
    <subfield code="4">0</subfield>
    <subfield code="7">0</subfield>
    <subfield code="a">MCE</subfield>
    <subfield code="b">MCE</subfield>
    <subfield code="d">2015-12-22</subfield>
    <subfield code="l">4</subfield>
    <subfield code="o">621.4021  CEN</subfield>
    <subfield code="p">MCE-47878</subfield>
    <subfield code="r">2020-09-16</subfield>
    <subfield code="s">2020-02-28</subfield>
    <subfield code="w">2015-12-22</subfield>
    <subfield code="y">BK</subfield>
  </datafield>
  <datafield tag="952" ind1=" " ind2=" ">
    <subfield code="0">0</subfield>
    <subfield code="1">0</subfield>
    <subfield code="2">ddc</subfield>
    <subfield code="4">0</subfield>
    <subfield code="7">0</subfield>
    <subfield code="a">MCE</subfield>
    <subfield code="b">MCE</subfield>
    <subfield code="d">2015-12-22</subfield>
    <subfield code="l">4</subfield>
    <subfield code="o">621.4021  CEN</subfield>
    <subfield code="p">MCE-47879</subfield>
    <subfield code="r">2019-06-24</subfield>
    <subfield code="s">2019-02-19</subfield>
    <subfield code="w">2015-12-22</subfield>
    <subfield code="y">BK</subfield>
  </datafield>
  <datafield tag="952" ind1=" " ind2=" ">
    <subfield code="0">0</subfield>
    <subfield code="1">0</subfield>
    <subfield code="2">ddc</subfield>
    <subfield code="4">0</subfield>
    <subfield code="7">0</subfield>
    <subfield code="a">MCE</subfield>
    <subfield code="b">MCE</subfield>
    <subfield code="d">2015-12-22</subfield>
    <subfield code="l">3</subfield>
    <subfield code="o">621.4021  CEN</subfield>
    <subfield code="p">MCE-47880</subfield>
    <subfield code="r">2019-06-24</subfield>
    <subfield code="s">2019-03-06</subfield>
    <subfield code="w">2015-12-22</subfield>
    <subfield code="y">BK</subfield>
  </datafield>
  <datafield tag="952" ind1=" " ind2=" ">
    <subfield code="0">0</subfield>
    <subfield code="1">0</subfield>
    <subfield code="2">ddc</subfield>
    <subfield code="4">0</subfield>
    <subfield code="7">0</subfield>
    <subfield code="a">MCE</subfield>
    <subfield code="b">MCE</subfield>
    <subfield code="d">2015-12-22</subfield>
    <subfield code="l">5</subfield>
    <subfield code="o">621.4021  CEN</subfield>
    <subfield code="p">MCE-47881</subfield>
    <subfield code="r">2019-06-24</subfield>
    <subfield code="s">2019-02-20</subfield>
    <subfield code="w">2015-12-22</subfield>
    <subfield code="y">BK</subfield>
  </datafield>
  <datafield tag="952" ind1=" " ind2=" ">
    <subfield code="0">0</subfield>
    <subfield code="1">0</subfield>
    <subfield code="2">ddc</subfield>
    <subfield code="4">0</subfield>
    <subfield code="7">0</subfield>
    <subfield code="a">MCE</subfield>
    <subfield code="b">MCE</subfield>
    <subfield code="d">2015-12-22</subfield>
    <subfield code="l">6</subfield>
    <subfield code="o">621.4021  CEN</subfield>
    <subfield code="p">MCE-47882</subfield>
    <subfield code="r">2019-06-25</subfield>
    <subfield code="s">2019-02-20</subfield>
    <subfield code="w">2015-12-22</subfield>
    <subfield code="y">BK</subfield>
  </datafield>
  <datafield tag="952" ind1=" " ind2=" ">
    <subfield code="0">0</subfield>
    <subfield code="1">0</subfield>
    <subfield code="2">ddc</subfield>
    <subfield code="4">0</subfield>
    <subfield code="7">0</subfield>
    <subfield code="a">MCE</subfield>
    <subfield code="b">MCE</subfield>
    <subfield code="d">2015-12-22</subfield>
    <subfield code="l">4</subfield>
    <subfield code="o">621.4021  CEN</subfield>
    <subfield code="p">MCE-47883</subfield>
    <subfield code="r">2019-06-24</subfield>
    <subfield code="s">2019-03-06</subfield>
    <subfield code="w">2015-12-22</subfield>
    <subfield code="y">BK</subfield>
  </datafield>
  <datafield tag="952" ind1=" " ind2=" ">
    <subfield code="0">0</subfield>
    <subfield code="1">0</subfield>
    <subfield code="2">ddc</subfield>
    <subfield code="4">0</subfield>
    <subfield code="7">0</subfield>
    <subfield code="a">MCE</subfield>
    <subfield code="b">MCE</subfield>
    <subfield code="d">2015-12-22</subfield>
    <subfield code="l">5</subfield>
    <subfield code="o">621.4021  CEN</subfield>
    <subfield code="p">MCE-47885</subfield>
    <subfield code="r">2020-08-07</subfield>
    <subfield code="s">2020-03-09</subfield>
    <subfield code="w">2015-12-22</subfield>
    <subfield code="y">BK</subfield>
  </datafield>
  <datafield tag="952" ind1=" " ind2=" ">
    <subfield code="0">0</subfield>
    <subfield code="1">0</subfield>
    <subfield code="2">ddc</subfield>
    <subfield code="4">0</subfield>
    <subfield code="7">0</subfield>
    <subfield code="a">MCE</subfield>
    <subfield code="b">MCE</subfield>
    <subfield code="d">2015-12-22</subfield>
    <subfield code="l">5</subfield>
    <subfield code="o">621.4021  CEN</subfield>
    <subfield code="p">MCE-47886</subfield>
    <subfield code="r">2020-09-30</subfield>
    <subfield code="s">2020-03-03</subfield>
    <subfield code="w">2015-12-22</subfield>
    <subfield code="y">BK</subfield>
  </datafield>
  <datafield tag="952" ind1=" " ind2=" ">
    <subfield code="0">0</subfield>
    <subfield code="1">0</subfield>
    <subfield code="2">ddc</subfield>
    <subfield code="4">0</subfield>
    <subfield code="7">0</subfield>
    <subfield code="a">MCE</subfield>
    <subfield code="b">MCE</subfield>
    <subfield code="d">2015-12-22</subfield>
    <subfield code="l">5</subfield>
    <subfield code="o">621.4021  CEN</subfield>
    <subfield code="p">MCE-47887</subfield>
    <subfield code="r">2020-07-08</subfield>
    <subfield code="s">2020-03-10</subfield>
    <subfield code="w">2015-12-22</subfield>
    <subfield code="y">BK</subfield>
  </datafield>
  <datafield tag="952" ind1=" " ind2=" ">
    <subfield code="0">0</subfield>
    <subfield code="1">0</subfield>
    <subfield code="2">ddc</subfield>
    <subfield code="4">0</subfield>
    <subfield code="7">0</subfield>
    <subfield code="a">MCE</subfield>
    <subfield code="b">MCE</subfield>
    <subfield code="d">2015-12-22</subfield>
    <subfield code="l">4</subfield>
    <subfield code="o">621.4021  CEN</subfield>
    <subfield code="p">MCE-47888</subfield>
    <subfield code="r">2019-06-27</subfield>
    <subfield code="s">2019-02-20</subfield>
    <subfield code="w">2015-12-22</subfield>
    <subfield code="y">BK</subfield>
  </datafield>
  <datafield tag="952" ind1=" " ind2=" ">
    <subfield code="0">0</subfield>
    <subfield code="1">0</subfield>
    <subfield code="2">ddc</subfield>
    <subfield code="4">0</subfield>
    <subfield code="7">0</subfield>
    <subfield code="a">MCE</subfield>
    <subfield code="b">MCE</subfield>
    <subfield code="d">2015-12-22</subfield>
    <subfield code="l">4</subfield>
    <subfield code="o">621.4021  CEN</subfield>
    <subfield code="p">MCE-47889</subfield>
    <subfield code="r">2019-06-26</subfield>
    <subfield code="s">2019-02-20</subfield>
    <subfield code="w">2015-12-22</subfield>
    <subfield code="y">BK</subfield>
  </datafield>
  <datafield tag="952" ind1=" " ind2=" ">
    <subfield code="0">0</subfield>
    <subfield code="1">0</subfield>
    <subfield code="2">ddc</subfield>
    <subfield code="4">0</subfield>
    <subfield code="7">0</subfield>
    <subfield code="a">MCE</subfield>
    <subfield code="b">MCE</subfield>
    <subfield code="d">2015-12-22</subfield>
    <subfield code="l">4</subfield>
    <subfield code="o">621.4021  CEN</subfield>
    <subfield code="p">MCE-47890</subfield>
    <subfield code="r">2019-06-24</subfield>
    <subfield code="s">2019-03-04</subfield>
    <subfield code="w">2015-12-22</subfield>
    <subfield code="y">BK</subfield>
  </datafield>
  <datafield tag="952" ind1=" " ind2=" ">
    <subfield code="0">0</subfield>
    <subfield code="1">0</subfield>
    <subfield code="2">ddc</subfield>
    <subfield code="4">0</subfield>
    <subfield code="7">0</subfield>
    <subfield code="a">MCE</subfield>
    <subfield code="b">MCE</subfield>
    <subfield code="d">2015-12-22</subfield>
    <subfield code="l">4</subfield>
    <subfield code="o">621.4021  CEN</subfield>
    <subfield code="p">MCE-47891</subfield>
    <subfield code="r">2019-06-25</subfield>
    <subfield code="s">2019-02-25</subfield>
    <subfield code="w">2015-12-22</subfield>
    <subfield code="y">BK</subfield>
  </datafield>
  <datafield tag="952" ind1=" " ind2=" ">
    <subfield code="0">0</subfield>
    <subfield code="1">0</subfield>
    <subfield code="2">ddc</subfield>
    <subfield code="4">0</subfield>
    <subfield code="7">0</subfield>
    <subfield code="a">MCE</subfield>
    <subfield code="b">MCE</subfield>
    <subfield code="d">2015-12-22</subfield>
    <subfield code="l">0</subfield>
    <subfield code="o">621.4021  CEN</subfield>
    <subfield code="p">MCE-47892</subfield>
    <subfield code="r">2015-12-22</subfield>
    <subfield code="w">2015-12-22</subfield>
    <subfield code="y">BK</subfield>
  </datafield>
  <datafield tag="952" ind1=" " ind2=" ">
    <subfield code="0">0</subfield>
    <subfield code="1">0</subfield>
    <subfield code="2">ddc</subfield>
    <subfield code="4">0</subfield>
    <subfield code="7">0</subfield>
    <subfield code="a">MCE</subfield>
    <subfield code="b">MCE</subfield>
    <subfield code="d">2015-12-22</subfield>
    <subfield code="l">5</subfield>
    <subfield code="o">621.4021  CEN</subfield>
    <subfield code="p">MCE-47893</subfield>
    <subfield code="r">2019-06-25</subfield>
    <subfield code="s">2019-02-22</subfield>
    <subfield code="w">2015-12-22</subfield>
    <subfield code="y">BK</subfield>
  </datafield>
  <datafield tag="952" ind1=" " ind2=" ">
    <subfield code="0">0</subfield>
    <subfield code="1">0</subfield>
    <subfield code="2">ddc</subfield>
    <subfield code="4">0</subfield>
    <subfield code="7">0</subfield>
    <subfield code="a">MCE</subfield>
    <subfield code="b">MCE</subfield>
    <subfield code="d">2015-12-22</subfield>
    <subfield code="l">4</subfield>
    <subfield code="o">621.4021  CEN</subfield>
    <subfield code="p">MCE-47894</subfield>
    <subfield code="r">2019-06-27</subfield>
    <subfield code="s">2019-02-22</subfield>
    <subfield code="w">2015-12-22</subfield>
    <subfield code="y">BK</subfield>
  </datafield>
  <datafield tag="952" ind1=" " ind2=" ">
    <subfield code="0">0</subfield>
    <subfield code="1">0</subfield>
    <subfield code="2">ddc</subfield>
    <subfield code="4">0</subfield>
    <subfield code="7">0</subfield>
    <subfield code="a">MCE</subfield>
    <subfield code="b">MCE</subfield>
    <subfield code="d">2015-12-22</subfield>
    <subfield code="l">5</subfield>
    <subfield code="o">621.4021  CEN</subfield>
    <subfield code="p">MCE-47895</subfield>
    <subfield code="r">2020-07-17</subfield>
    <subfield code="s">2020-03-03</subfield>
    <subfield code="w">2015-12-22</subfield>
    <subfield code="y">BK</subfield>
  </datafield>
  <datafield tag="952" ind1=" " ind2=" ">
    <subfield code="0">0</subfield>
    <subfield code="1">0</subfield>
    <subfield code="2">ddc</subfield>
    <subfield code="4">0</subfield>
    <subfield code="7">0</subfield>
    <subfield code="a">MCE</subfield>
    <subfield code="b">MCE</subfield>
    <subfield code="d">2015-12-22</subfield>
    <subfield code="l">4</subfield>
    <subfield code="m">1</subfield>
    <subfield code="o">621.4021  CEN</subfield>
    <subfield code="p">MCE-47896</subfield>
    <subfield code="r">2019-11-15</subfield>
    <subfield code="s">2019-03-06</subfield>
    <subfield code="w">2015-12-22</subfield>
    <subfield code="y">BK</subfield>
  </datafield>
  <datafield tag="952" ind1=" " ind2=" ">
    <subfield code="0">0</subfield>
    <subfield code="1">0</subfield>
    <subfield code="2">ddc</subfield>
    <subfield code="4">0</subfield>
    <subfield code="7">0</subfield>
    <subfield code="a">MCE</subfield>
    <subfield code="b">MCE</subfield>
    <subfield code="d">2015-12-22</subfield>
    <subfield code="l">4</subfield>
    <subfield code="o">621.4021  CEN</subfield>
    <subfield code="p">MCE-47897</subfield>
    <subfield code="r">2019-06-26</subfield>
    <subfield code="s">2019-02-20</subfield>
    <subfield code="w">2015-12-22</subfield>
    <subfield code="y">BK</subfield>
  </datafield>
  <datafield tag="952" ind1=" " ind2=" ">
    <subfield code="0">0</subfield>
    <subfield code="1">0</subfield>
    <subfield code="2">ddc</subfield>
    <subfield code="4">0</subfield>
    <subfield code="7">0</subfield>
    <subfield code="a">MCE</subfield>
    <subfield code="b">MCE</subfield>
    <subfield code="d">2015-12-22</subfield>
    <subfield code="l">6</subfield>
    <subfield code="o">621.4021  CEN</subfield>
    <subfield code="p">MCE-47898</subfield>
    <subfield code="r">2020-02-03</subfield>
    <subfield code="s">2020-02-03</subfield>
    <subfield code="w">2015-12-22</subfield>
    <subfield code="y">BK</subfield>
  </datafield>
  <datafield tag="952" ind1=" " ind2=" ">
    <subfield code="0">0</subfield>
    <subfield code="1">0</subfield>
    <subfield code="2">ddc</subfield>
    <subfield code="4">0</subfield>
    <subfield code="7">0</subfield>
    <subfield code="a">MCE</subfield>
    <subfield code="b">MCE</subfield>
    <subfield code="d">2015-12-22</subfield>
    <subfield code="l">3</subfield>
    <subfield code="o">621.4021  CEN</subfield>
    <subfield code="p">MCE-47899</subfield>
    <subfield code="r">2020-07-13</subfield>
    <subfield code="s">2020-06-26</subfield>
    <subfield code="w">2015-12-22</subfield>
    <subfield code="y">BK</subfield>
  </datafield>
  <datafield tag="952" ind1=" " ind2=" ">
    <subfield code="0">0</subfield>
    <subfield code="1">0</subfield>
    <subfield code="2">ddc</subfield>
    <subfield code="4">0</subfield>
    <subfield code="7">0</subfield>
    <subfield code="a">MCE</subfield>
    <subfield code="b">MCE</subfield>
    <subfield code="d">2015-12-22</subfield>
    <subfield code="l">5</subfield>
    <subfield code="o">621.4021  CEN</subfield>
    <subfield code="p">MCE-47900</subfield>
    <subfield code="r">2020-07-13</subfield>
    <subfield code="s">2020-06-26</subfield>
    <subfield code="w">2015-12-22</subfield>
    <subfield code="y">BK</subfield>
  </datafield>
  <datafield tag="952" ind1=" " ind2=" ">
    <subfield code="0">0</subfield>
    <subfield code="1">0</subfield>
    <subfield code="2">ddc</subfield>
    <subfield code="4">0</subfield>
    <subfield code="7">0</subfield>
    <subfield code="a">MCE</subfield>
    <subfield code="b">MCE</subfield>
    <subfield code="d">2015-12-22</subfield>
    <subfield code="l">3</subfield>
    <subfield code="o">621.4021  CEN</subfield>
    <subfield code="p">MCE-47901</subfield>
    <subfield code="r">2019-06-25</subfield>
    <subfield code="s">2019-03-04</subfield>
    <subfield code="w">2015-12-22</subfield>
    <subfield code="y">BK</subfield>
  </datafield>
  <datafield tag="952" ind1=" " ind2=" ">
    <subfield code="0">0</subfield>
    <subfield code="1">0</subfield>
    <subfield code="2">ddc</subfield>
    <subfield code="4">0</subfield>
    <subfield code="7">0</subfield>
    <subfield code="a">MCE</subfield>
    <subfield code="b">MCE</subfield>
    <subfield code="d">2015-12-22</subfield>
    <subfield code="l">4</subfield>
    <subfield code="o">621.4021  CEN</subfield>
    <subfield code="p">MCE-47902</subfield>
    <subfield code="r">2019-06-25</subfield>
    <subfield code="s">2019-02-28</subfield>
    <subfield code="w">2015-12-22</subfield>
    <subfield code="y">BK</subfield>
  </datafield>
  <datafield tag="952" ind1=" " ind2=" ">
    <subfield code="0">0</subfield>
    <subfield code="1">0</subfield>
    <subfield code="2">ddc</subfield>
    <subfield code="4">0</subfield>
    <subfield code="7">0</subfield>
    <subfield code="a">MCE</subfield>
    <subfield code="b">MCE</subfield>
    <subfield code="d">2015-12-22</subfield>
    <subfield code="l">4</subfield>
    <subfield code="o">621.4021  CEN</subfield>
    <subfield code="p">MCE-47904</subfield>
    <subfield code="r">2019-06-26</subfield>
    <subfield code="s">2019-02-25</subfield>
    <subfield code="w">2015-12-22</subfield>
    <subfield code="y">BK</subfield>
  </datafield>
  <datafield tag="952" ind1=" " ind2=" ">
    <subfield code="0">0</subfield>
    <subfield code="1">0</subfield>
    <subfield code="2">ddc</subfield>
    <subfield code="4">0</subfield>
    <subfield code="7">0</subfield>
    <subfield code="a">MCE</subfield>
    <subfield code="b">MCE</subfield>
    <subfield code="d">2015-12-22</subfield>
    <subfield code="l">4</subfield>
    <subfield code="o">621.4021  CEN</subfield>
    <subfield code="p">MCE-47905</subfield>
    <subfield code="r">2019-06-24</subfield>
    <subfield code="s">2019-02-19</subfield>
    <subfield code="w">2015-12-22</subfield>
    <subfield code="y">BK</subfield>
  </datafield>
  <datafield tag="952" ind1=" " ind2=" ">
    <subfield code="0">0</subfield>
    <subfield code="1">0</subfield>
    <subfield code="2">ddc</subfield>
    <subfield code="4">0</subfield>
    <subfield code="7">0</subfield>
    <subfield code="a">MCE</subfield>
    <subfield code="b">MCE</subfield>
    <subfield code="d">2015-12-22</subfield>
    <subfield code="l">4</subfield>
    <subfield code="o">621.4021  CEN</subfield>
    <subfield code="p">MCE-47906</subfield>
    <subfield code="r">2019-06-27</subfield>
    <subfield code="s">2019-03-07</subfield>
    <subfield code="w">2015-12-22</subfield>
    <subfield code="y">BK</subfield>
  </datafield>
  <datafield tag="952" ind1=" " ind2=" ">
    <subfield code="0">0</subfield>
    <subfield code="1">0</subfield>
    <subfield code="2">ddc</subfield>
    <subfield code="4">0</subfield>
    <subfield code="7">0</subfield>
    <subfield code="a">MCE</subfield>
    <subfield code="b">MCE</subfield>
    <subfield code="d">2015-12-22</subfield>
    <subfield code="l">4</subfield>
    <subfield code="o">621.4021  CEN</subfield>
    <subfield code="p">MCE-47907</subfield>
    <subfield code="r">2019-06-24</subfield>
    <subfield code="s">2019-02-25</subfield>
    <subfield code="w">2015-12-22</subfield>
    <subfield code="y">BK</subfield>
  </datafield>
  <datafield tag="952" ind1=" " ind2=" ">
    <subfield code="0">0</subfield>
    <subfield code="1">0</subfield>
    <subfield code="2">ddc</subfield>
    <subfield code="4">0</subfield>
    <subfield code="7">0</subfield>
    <subfield code="a">MCE</subfield>
    <subfield code="b">MCE</subfield>
    <subfield code="d">2015-12-22</subfield>
    <subfield code="l">5</subfield>
    <subfield code="o">621.4021  CEN</subfield>
    <subfield code="p">MCE-47908</subfield>
    <subfield code="r">2020-07-07</subfield>
    <subfield code="s">2020-02-20</subfield>
    <subfield code="w">2015-12-22</subfield>
    <subfield code="y">BK</subfield>
  </datafield>
  <datafield tag="952" ind1=" " ind2=" ">
    <subfield code="0">0</subfield>
    <subfield code="1">0</subfield>
    <subfield code="2">ddc</subfield>
    <subfield code="4">0</subfield>
    <subfield code="7">0</subfield>
    <subfield code="a">MCE</subfield>
    <subfield code="b">MCE</subfield>
    <subfield code="d">2015-12-22</subfield>
    <subfield code="l">5</subfield>
    <subfield code="o">621.4021  CEN</subfield>
    <subfield code="p">MCE-47909</subfield>
    <subfield code="r">2020-08-17</subfield>
    <subfield code="s">2020-04-13</subfield>
    <subfield code="w">2015-12-22</subfield>
    <subfield code="y">BK</subfield>
  </datafield>
  <datafield tag="952" ind1=" " ind2=" ">
    <subfield code="0">0</subfield>
    <subfield code="1">0</subfield>
    <subfield code="2">ddc</subfield>
    <subfield code="4">0</subfield>
    <subfield code="7">0</subfield>
    <subfield code="a">MCE</subfield>
    <subfield code="b">MCE</subfield>
    <subfield code="d">2015-12-22</subfield>
    <subfield code="l">4</subfield>
    <subfield code="o">621.4021  CEN</subfield>
    <subfield code="p">MCE-47910</subfield>
    <subfield code="r">2019-06-26</subfield>
    <subfield code="s">2019-02-22</subfield>
    <subfield code="w">2015-12-22</subfield>
    <subfield code="y">BK</subfield>
  </datafield>
  <datafield tag="952" ind1=" " ind2=" ">
    <subfield code="0">0</subfield>
    <subfield code="1">0</subfield>
    <subfield code="2">ddc</subfield>
    <subfield code="4">0</subfield>
    <subfield code="7">0</subfield>
    <subfield code="a">MCE</subfield>
    <subfield code="b">MCE</subfield>
    <subfield code="d">2015-12-22</subfield>
    <subfield code="l">4</subfield>
    <subfield code="o">621.4021  CEN</subfield>
    <subfield code="p">MCE-47911</subfield>
    <subfield code="r">2019-06-24</subfield>
    <subfield code="s">2019-02-22</subfield>
    <subfield code="w">2015-12-22</subfield>
    <subfield code="y">BK</subfield>
  </datafield>
  <datafield tag="952" ind1=" " ind2=" ">
    <subfield code="0">0</subfield>
    <subfield code="1">0</subfield>
    <subfield code="2">ddc</subfield>
    <subfield code="4">0</subfield>
    <subfield code="7">0</subfield>
    <subfield code="a">MCE</subfield>
    <subfield code="b">MCE</subfield>
    <subfield code="d">2015-12-22</subfield>
    <subfield code="l">4</subfield>
    <subfield code="o">621.4021  CEN</subfield>
    <subfield code="p">MCE-47912</subfield>
    <subfield code="r">2019-06-27</subfield>
    <subfield code="s">2019-02-22</subfield>
    <subfield code="w">2015-12-22</subfield>
    <subfield code="y">BK</subfield>
  </datafield>
  <datafield tag="952" ind1=" " ind2=" ">
    <subfield code="0">0</subfield>
    <subfield code="1">0</subfield>
    <subfield code="2">ddc</subfield>
    <subfield code="4">0</subfield>
    <subfield code="7">0</subfield>
    <subfield code="a">MCE</subfield>
    <subfield code="b">MCE</subfield>
    <subfield code="d">2015-12-22</subfield>
    <subfield code="l">5</subfield>
    <subfield code="o">621.4021  CEN</subfield>
    <subfield code="p">MCE-47913</subfield>
    <subfield code="r">2020-07-06</subfield>
    <subfield code="s">2020-03-09</subfield>
    <subfield code="w">2015-12-22</subfield>
    <subfield code="y">BK</subfield>
  </datafield>
  <datafield tag="952" ind1=" " ind2=" ">
    <subfield code="0">0</subfield>
    <subfield code="1">0</subfield>
    <subfield code="2">ddc</subfield>
    <subfield code="4">0</subfield>
    <subfield code="7">0</subfield>
    <subfield code="a">MCE</subfield>
    <subfield code="b">MCE</subfield>
    <subfield code="d">2015-12-22</subfield>
    <subfield code="l">4</subfield>
    <subfield code="o">621.4021  CEN</subfield>
    <subfield code="p">MCE-47914</subfield>
    <subfield code="r">2019-06-24</subfield>
    <subfield code="s">2019-02-19</subfield>
    <subfield code="w">2015-12-22</subfield>
    <subfield code="y">BK</subfield>
  </datafield>
  <datafield tag="952" ind1=" " ind2=" ">
    <subfield code="0">0</subfield>
    <subfield code="1">0</subfield>
    <subfield code="2">ddc</subfield>
    <subfield code="4">0</subfield>
    <subfield code="7">0</subfield>
    <subfield code="a">MCE</subfield>
    <subfield code="b">MCE</subfield>
    <subfield code="d">2015-12-22</subfield>
    <subfield code="l">4</subfield>
    <subfield code="o">621.4021  CEN</subfield>
    <subfield code="p">MCE-47915</subfield>
    <subfield code="r">2019-06-25</subfield>
    <subfield code="s">2019-02-25</subfield>
    <subfield code="w">2015-12-22</subfield>
    <subfield code="y">BK</subfield>
  </datafield>
  <datafield tag="952" ind1=" " ind2=" ">
    <subfield code="0">0</subfield>
    <subfield code="1">0</subfield>
    <subfield code="2">ddc</subfield>
    <subfield code="4">0</subfield>
    <subfield code="7">0</subfield>
    <subfield code="a">MCE</subfield>
    <subfield code="b">MCE</subfield>
    <subfield code="d">2015-12-22</subfield>
    <subfield code="l">5</subfield>
    <subfield code="o">621.4021  CEN</subfield>
    <subfield code="p">MCE-47916</subfield>
    <subfield code="r">2020-07-08</subfield>
    <subfield code="s">2020-03-03</subfield>
    <subfield code="w">2015-12-22</subfield>
    <subfield code="y">BK</subfield>
  </datafield>
  <datafield tag="952" ind1=" " ind2=" ">
    <subfield code="0">0</subfield>
    <subfield code="1">0</subfield>
    <subfield code="2">ddc</subfield>
    <subfield code="4">0</subfield>
    <subfield code="7">0</subfield>
    <subfield code="a">MCE</subfield>
    <subfield code="b">MCE</subfield>
    <subfield code="d">2015-12-22</subfield>
    <subfield code="l">4</subfield>
    <subfield code="o">621.4021  CEN</subfield>
    <subfield code="p">MCE-47917</subfield>
    <subfield code="r">2019-06-25</subfield>
    <subfield code="s">2019-02-28</subfield>
    <subfield code="w">2015-12-22</subfield>
    <subfield code="y">BK</subfield>
  </datafield>
  <datafield tag="952" ind1=" " ind2=" ">
    <subfield code="0">0</subfield>
    <subfield code="1">0</subfield>
    <subfield code="2">ddc</subfield>
    <subfield code="4">0</subfield>
    <subfield code="7">0</subfield>
    <subfield code="a">MCE</subfield>
    <subfield code="b">MCE</subfield>
    <subfield code="d">2015-12-22</subfield>
    <subfield code="l">4</subfield>
    <subfield code="o">621.4021  CEN</subfield>
    <subfield code="p">MCE-47918</subfield>
    <subfield code="r">2019-06-25</subfield>
    <subfield code="s">2019-02-28</subfield>
    <subfield code="w">2015-12-22</subfield>
    <subfield code="y">BK</subfield>
  </datafield>
  <datafield tag="952" ind1=" " ind2=" ">
    <subfield code="0">0</subfield>
    <subfield code="1">0</subfield>
    <subfield code="2">ddc</subfield>
    <subfield code="4">0</subfield>
    <subfield code="7">0</subfield>
    <subfield code="a">MCE</subfield>
    <subfield code="b">MCE</subfield>
    <subfield code="d">2015-12-22</subfield>
    <subfield code="l">4</subfield>
    <subfield code="o">621.4021  CEN</subfield>
    <subfield code="p">MCE-47919</subfield>
    <subfield code="r">2019-06-24</subfield>
    <subfield code="s">2019-02-20</subfield>
    <subfield code="w">2015-12-22</subfield>
    <subfield code="y">BK</subfield>
  </datafield>
  <datafield tag="952" ind1=" " ind2=" ">
    <subfield code="0">0</subfield>
    <subfield code="1">0</subfield>
    <subfield code="2">ddc</subfield>
    <subfield code="4">0</subfield>
    <subfield code="7">0</subfield>
    <subfield code="a">MCE</subfield>
    <subfield code="b">MCE</subfield>
    <subfield code="d">2015-12-22</subfield>
    <subfield code="l">5</subfield>
    <subfield code="o">621.4021  CEN</subfield>
    <subfield code="p">MCE-47920</subfield>
    <subfield code="r">2020-07-10</subfield>
    <subfield code="s">2020-03-09</subfield>
    <subfield code="w">2015-12-22</subfield>
    <subfield code="y">BK</subfield>
  </datafield>
  <datafield tag="952" ind1=" " ind2=" ">
    <subfield code="0">0</subfield>
    <subfield code="1">0</subfield>
    <subfield code="2">ddc</subfield>
    <subfield code="4">0</subfield>
    <subfield code="7">0</subfield>
    <subfield code="a">MCE</subfield>
    <subfield code="b">MCE</subfield>
    <subfield code="d">2014-02-18</subfield>
    <subfield code="l">4</subfield>
    <subfield code="o">621.4021  CEN</subfield>
    <subfield code="p">MCE-47903</subfield>
    <subfield code="r">2019-06-26</subfield>
    <subfield code="s">2019-03-06</subfield>
    <subfield code="w">2014-02-18</subfield>
    <subfield code="y">BK</subfield>
  </datafield>
  <datafield tag="952" ind1=" " ind2=" ">
    <subfield code="0">0</subfield>
    <subfield code="1">0</subfield>
    <subfield code="2">ddc</subfield>
    <subfield code="4">0</subfield>
    <subfield code="7">0</subfield>
    <subfield code="a">MCE</subfield>
    <subfield code="b">MCE</subfield>
    <subfield code="d">2014-02-06</subfield>
    <subfield code="l">1</subfield>
    <subfield code="o">621.4021  CEN</subfield>
    <subfield code="p">MCE-48740</subfield>
    <subfield code="r">2015-02-23</subfield>
    <subfield code="s">2015-02-23</subfield>
    <subfield code="w">2021-03-14</subfield>
    <subfield code="y">BK</subfield>
  </datafield>
  <datafield tag="952" ind1=" " ind2=" ">
    <subfield code="0">0</subfield>
    <subfield code="1">0</subfield>
    <subfield code="2">ddc</subfield>
    <subfield code="4">0</subfield>
    <subfield code="7">0</subfield>
    <subfield code="a">MCE</subfield>
    <subfield code="b">MCE</subfield>
    <subfield code="d">2015-12-22</subfield>
    <subfield code="l">1</subfield>
    <subfield code="o">621.4021  CEN</subfield>
    <subfield code="p">MCE-47855</subfield>
    <subfield code="r">2016-02-10</subfield>
    <subfield code="s">2016-02-10</subfield>
    <subfield code="w">2015-12-22</subfield>
    <subfield code="y">BK</subfield>
  </datafield>
</record>
